{"text_format":"3","workbook":"xlsx","n_sheets":5,"sheets":["汇总","清单","1","2","3"],"not_rendered":{"defined_names":1},"read":"whole","date_system":"1900"}

{"sheet":"汇总","index":0,"n_rows":10,"n_cols":14,"rows_kept":10,"hidden":true,"merged":[[0,2,0,12],[5,7,8,7],[5,8,8,8],[5,9,8,9],[5,10,8,10]]}
[null,null,"出口厄瓜多尔物资清单"]
["序号","英文名称","中文名称","规格型号","单位","数量","净重（吨）","毛重（吨）","件数","长×宽×高（m）","体积（m3)","单价","金额"]
[1,null,"钢构件",null,"吨",173.667,173.667,173.667,null,"见明细清单",401.863,8010,1391072.67,{"$f":"L3*F3","v":1391072.67}]
[2,"steel structure type C","镀锌C型钢","C100*50*15*2mm","吨",14.202,14.202,14.202,7,"见明细清单",13.742,8010,113758.02,113758.02]
[3,"Color Steel plate","彩钢瓦","0.4mm海蓝色","吨",32.363,32.363,36.063,4,"1.10*1.4*11",67.76,11925,{"v":385893,"d":"385893.00"},385928.775]
[4,null,"栓钉","φ16×90","支",{"v":13548.0477777777,"d":"13548"},1.92,2.86,1,"1*1*2",2,1.4,18967.27,18967.2668888888]
[5,null,"自攻钉","φ5.5×40，带橡胶防水垫圈","支",{"v":30435.0285714286,"d":"30435"},0.3,{"$nulls":4},0.1,{"v":3043.5,"d":"3043.50"},3043.50285714286]
[6,null,"拉铆钉","φ5×16","支",{"v":11572.8602666667,"d":"11573"},0.03,{"$nulls":4},0.1,1157.29,1157.28602666667]
[null,null,"宿舍及食堂清单图纸","宿舍及食堂清单图纸","盒",1,5]
[null,null,"合计",null,"元",{"$nulls":7},1913891.75,{"$f":"SUM(N3:N8)","v":1913927.5207727}]

{"sheet":"清单","index":1,"n_rows":87,"n_cols":18,"rows_kept":87,"hidden":true,"merged":[[0,3,0,15],[24,0,25,0],[24,2,25,2],[24,3,25,3],[31,0,32,0],[31,2,32,2],[37,0,38,0],[37,2,38,2],[66,0,67,0],[66,2,67,2],[66,3,67,3]]}
[{"$nulls":3},"第 批出口厄瓜多尔物资清单"]
["序号","英文名称","中文名称","规格型号","单位","数量","单价","总金额","箱号","件数","发货状态","单重（kg)","净重（kg）","毛重\n（kg）","长×宽×高（m）","体积（m3)","HS编码"]
[1,null,"3.6m平台梁-1","口250*150*4","根",28,{"$nulls":5},41.8,1170.4,null,"1.9*0.25*0.15",{"v":1.995,"d":"2.00"},null,"0:品牌类型;1:出口享惠情况;2:织造方法：机制;3:种类：工作服;4:类别：男式;5:成分含量:全棉防静电;6:品牌：无;7:无;8:GTIN;9:CAS;"]
[2,null,"3.6m平台梁-2","口250*150*4","根",54,{"$nulls":5},100.9,5448.6,null,"4.1*0.25*0.15",{"v":8.3025,"d":"8.30"},null,"0:品牌类型;1:出口享惠情况;2:织造方法：针织;3:成分含量;100%棉4:品牌：无品牌;5:货号：无;6:GTIN;7:CAS;"]
[3,null,"3.6m平台梁-3","口100*100*3","根",2,{"$nulls":5},27.4,54.8,null,"3*0.1*0.1",0.06,null,"0:品牌类型|1:出口享惠情况|2:结构类型：深沟球轴承|3:品牌：哈轴|4:型号:6206|5:GTIN|6:CAS|7:其他"]
[4,null,"3.6m平台梁-4","口250*150*4","根",6,{"$nulls":5},71.4,428.4,null,"2.9*0.25*0.15",{"v":0.6525,"d":"0.65"}]
[5,null,"3.6m平台梁-5","口100*100*3","根",28,{"$nulls":5},17.8,498.4,null,"1.95*0.1*0.1",{"v":0.546,"d":"0.55"}]
[6,null,"3.6m平台梁-6","口250*150*4","根",24,{"$nulls":5},38.2,916.8,null,"1.55*0.25*0.15",{"v":1.395,"d":"1.40"}]
[7,null,"3.6m平台梁-7","口250*150*4","根",80,{"$nulls":5},104.6,8368,null,"4.25*0.25*0.15",12.75]
[8,null,"3.6m平台梁-8","口250*150*4","根",20,{"$nulls":5},44.3,886,null,"1.8*0.15*0.25",1.35]
[9,null,"3.6m平台梁-9","口100*100*3","根",144,{"$nulls":5},20.1,2894.4,null,"2.2*0.1*0.1",{"v":3.168,"d":"3.17"}]
[10,null,"3.6m平台梁-10","口200*100*3","根",40,{"$nulls":5},29.8,1192,null,"2.15*0.2*0.1",1.72]
[11,null,"3.6m平台梁-11","口100*100*3","根",112,{"$nulls":5},18.3,2049.6,null,"2*0.1*0.1",2.24]
[12,null,"3.6m平台梁-12","口100*100*3","根",36,{"$nulls":5},19.6,705.6,null,"2.15*0.1*0.1",{"v":0.774,"d":"0.77"}]
[13,null,"3.6m平台梁-13","口250*150*4","根",8,{"$nulls":5},75.1,600.8,null,"3.05*0.25*0.15",{"v":0.915,"d":"0.92"}]
[14,null,"3.6m平台梁-14","口125*100*3","根",8,{"$nulls":5},33.5,268,null,"3.25*0.125*0.1",{"v":0.325,"d":"0.33"}]
[15,null,"3.6m平台梁-15","口200*100*3","根",2,{"$nulls":5},40.8,81.6,null,"2.95*0.2*0.1",{"v":0.118,"d":"0.12"}]
[16,null,"3.6m平台梁-16","口250*150*4","根",4,{"$nulls":5},72.6,290.4,null,"2.95*0.25*0.15",{"v":0.4425,"d":"0.44"}]
[17,null,"3.6m平台梁-17","口100*100*3","根",8,{"$nulls":5},27.9,223.2,null,"3.05*0.1*0.1",{"v":0.244,"d":"0.24"}]
[18,null,"3.6m平台梁-18","口250*150*4","根",40,{"$nulls":5},40.6,1624,null,"1.65*0.25*0.15",{"v":2.475,"d":"2.48"}]
[19,null,"3.6m平台梁-19","口250*150*4","根",40,{"$nulls":5},102.2,4088,null,"4.15*0.25*0.15",{"v":6.225,"d":"6.23"}]
[20,null,"6.66m平台梁-1","口200*150*6","根",56,{"$nulls":5},54.1,3029.6,null,"1.7*0.2*0.15",{"v":2.856,"d":"2.86"}]
[21,null,"6.66m平台梁-2","口200*150*6","根",32,{"$nulls":5},140.1,4483.2,null,"4.4*0.2*0.15",{"v":4.224,"d":"4.22"}]
[22,null,"6.66m平台梁-3","口200*150*6","根",6,{"$nulls":5},95.5,573,null,"3*0.2*0.15",0.54]
[23,null,"6.66m平台梁-4","口200*150*6","根",4,{"$nulls":5},{"$f":"455.3-L26","v":264.5},{"$f":"1821.2-M26","v":1058},null,"8.3*0.2*0.15",{"v":1,"d":"1.00"}]
[{"$nulls":4},"根",4,{"$nulls":5},{"$f":"31.8*6","v":190.8},{"$f":"F26*L26","v":763.2},null,"6*0.2*0.15",{"$f":"6*0.2*0.15*4","v":0.72}]
[24,null,"6.66m平台梁-5","口200*150*6","根",48,{"$nulls":5},138.5,6648,null,"4.35*0.2*0.15",{"v":6.264,"d":"6.26"}]
[25,null,"6.66m平台梁-6","口200*150*6","根",16,{"$nulls":5},97.1,1553.6,null,"3.05*0.2*0.15",{"v":1.464,"d":"1.46"}]
[26,null,"窗梁-1","口150*2    ","根",4,{"$nulls":5},27,108,null,"2.9*0.15*0.15",{"v":0.261,"d":"0.26"}]
[27,null,"窗梁-2","口150*2    ","根",80,{"$nulls":5},17.2,1376,null,"1.85*0.15*0.15",3.33]
[28,null,"窗梁-3","口150*2    ","根",8,{"$nulls":5},28.3,226.4,null,"3.05*0.15*0.15",{"v":0.549,"d":"0.55"}]
[29,null,"钢架-1",null,"榀",12,{"$nulls":5},556.51,6678.12,null,"11.3*2.207*0.1",{"$f":"50.4877734-P33","v":{"v":50.1517734,"d":"50.15"}}]
[{"$nulls":4},"榀",24,{"$nulls":5},{"$f":"13.85*0.7","v":9.695},{"$f":"L33*F33","v":232.68},null,"0.7*0.2*0.1",{"$f":"1.4*0.2*0.1*12","v":0.336}]
[30,null,"钢架-2",null,"榀",16,{"$nulls":5},191,3056,null,"6.864*1.553*0.1",{"v":17.0556672,"d":"17.06"}]
[31,null,"钢架-3",null,"榀",8,{"$nulls":5},550.9,4407.2,null,"10.984*2.16*0.1",{"v":28.470528,"d":"28.47"},null,{"$f":"Q35*F35","v":0}]
[32,null,"钢架-4",null,"榀",2,{"$nulls":5},374.3,748.6,null,"8.459*2.21*0.1",{"v":5.608317,"d":"5.61"}]
[33,null,"钢架-5",null,"榀",4,{"$nulls":5},303.2,1212.8,null,"10.166*2.213*0.1",{"v":13.4984148,"d":"13.50"}]
[34,null,"钢架-6",null,"榀",2,{"$nulls":5},{"$f":"575.9-L39","v":556.51},{"$f":"L38*F38","v":1113.02},null,"11.3*2.210*0.1",{"$f":"8.426067-P39","v":{"v":8.370067,"d":"8.37"}}]
[{"$nulls":4},"榀",2,{"$nulls":5},{"$f":"13.85*1.4","v":19.39},{"$f":"L39*F39","v":38.78},null,"1.4*0.2*0.1",{"$f":"1.4*0.2*0.1*2","v":0.056}]
[35,null,"钢梯-1",null,"副",4,{"$nulls":5},289.1,1156.4,null,"2.617*1.425*0.25",{"v":3.087975,"d":"3.09"}]
[36,null,"钢梯-2",null,"副",4,{"$nulls":5},370.9,1483.6,null,"3.203*1.425*0.25",{"v":4.564275,"d":"4.56"}]
[37,null,"钢梯-3",null,"副",2,{"$nulls":5},370.8,741.6,null,"3.203*1.425*0.25",{"v":2.2821375,"d":"2.28"}]
[38,null,"钢梯-4",null,"副",2,{"$nulls":5},287.9,575.8,null,"2.617*1.425*0.25",{"v":1.8646125,"d":"1.86"}]
[39,null,"钢梯-5",null,"副",2,{"$nulls":5},293.7,587.4,null,"2.278*1.910*0.25",{"v":2.17549,"d":"2.18"}]
[40,null,"钢梯平台梁-1","口200*100*3","根",12,{"$nulls":5},19.4,232.8,null,"1.4*0.2*0.1",{"v":0.336,"d":"0.34"}]
[41,null,"钢梯平台梁-2","口250*150*4","根",4,{"$nulls":5},72.6,290.4,null,"2.95*0.25*0.15",{"v":0.4425,"d":"0.44"}]
[42,null,"钢梯平台梁-3","口200*100*3","根",2,{"$nulls":5},20.8,41.6,null,"1.5*0.2*0.1",0.06]
[43,null,"钢梯平台梁-4","口250*150*4","根",2,{"$nulls":5},71.4,142.8,null,"2.9*0.25*0.15",{"v":0.2175,"d":"0.22"}]
[44,null,"钢梯平台梁-5","口250*150*4","根",2,{"$nulls":5},75.1,150.2,null,"3.05*0.25*0.15",{"v":0.22875,"d":"0.23"}]
[45,null,"钢梯平台梁-6","口200*100*3","根",2,{"$nulls":5},20.5,41,null,"1.479*0.2*0.1",{"v":0.05916,"d":"0.06"}]
[46,null,"钢梯平台梁-7","口250*150*4","根",2,{"$nulls":5},76.3,152.6,null,"3.1*0.25*0.15",{"v":0.2325,"d":"0.23"}]
[47,null,"钢梯平台梁-8","口200*100*3","根",2,{"$nulls":5},21.5,43,null,"1.55*0.2*0.1",{"v":0.062,"d":"0.06"}]
[48,null,"钢梯平台梁-9","口250*150*4","根",2,{"$nulls":5},73.9,147.8,null,"3*0.25*0.15",{"v":0.225,"d":"0.23"}]
[49,null,"钢柱-1",null,"根",12,{"$nulls":5},60.1,721.2,null,"1.514*0.35*0.35",{"v":2.22558,"d":"2.23"}]
[50,null,"钢柱-2",null,"根",174,{"$nulls":5},380.4,{"$f":"L55*F55","v":66189.6},null,"6.1*0.4*0.4",{"v":169.8,"d":"169.80"}]
[51,null,"屋面梁-1","口200*100*3","根",2,{"$nulls":5},42.2,84.4,null,"3.05*0.2*0.1",{"v":0.122,"d":"0.12"}]
[52,null,"屋面梁-2","口200*100*3","根",4,{"$nulls":5},56.7,226.8,null,"4.091*0.2*0.1",{"v":0.32728,"d":"0.33"}]
[53,null,"屋面梁-3","口200*100*3","根",16,{"$nulls":5},10.5,168,null,"0.771*0.2*0.1",{"v":0.24672,"d":"0.25"}]
[54,null,"屋面梁-4","口200*100*3","根",16,{"$nulls":5},10.5,168,null,"0.771*0.2*0.1",{"v":0.24672,"d":"0.25"}]
[55,null,"屋面梁-5","口200*100*3","根",2,{"$nulls":5},56.1,112.2,null,"4.405*0.2*0.1",{"v":0.1762,"d":"0.18"}]
[56,null,"屋面梁-6","口200*100*3","根",32,{"$nulls":5},86.6,2771.2,null,"6.268*0.2*0.1",{"v":4.01152,"d":"4.01"}]
[57,null,"屋面梁-7","口200*100*3","根",16,{"$nulls":5},82.3,1316.8,null,"6.016*0.2*0.1",{"v":1.92512,"d":"1.93"}]
[58,null,"屋面梁-8","口200*100*3","根",16,{"$nulls":5},82.3,1316.8,null,"6.016*0.2*0.1",{"v":1.92512,"d":"1.93"}]
[59,null,"屋面梁-9","口200*100*3","根",2,{"$nulls":5},12.5,25,null,"0.895*0.2*0.1",{"v":0.0358,"d":"0.04"}]
[60,null,"屋面梁-10","口200*100*3","根",2,{"$nulls":5},22,44,null,"1.631*0.2*0.1",{"v":0.06524,"d":"0.07"}]
[61,null,"屋面梁-11","口200*100*3","根",4,{"$nulls":5},120.1,480.4,null,"8.745*0.2*0.1",{"v":0.6996,"d":"0.70"}]
[62,null,"屋面梁-12","口200*100*3","根",2,{"$nulls":5},{"$f":"198-L68","v":115.2},{"$f":"396-M68","v":230.4},null,"8.3*0.2*0.1",0.45]
[{"$nulls":4},"根",2,{"$nulls":5},{"$f":"13.8*6","v":82.8},{"$f":"L68*F68","v":165.6},null,"6*0.2*0.1",{"$f":"6*0.2*0.1","v":0.12}]
[63,null,"屋面梁-13","口200*100*3","根",8,{"$nulls":5},20.9,167.2,null,"1.59*0.2*0.1",{"v":0.2544,"d":"0.25"}]
[64,null,"屋面梁-14","口200*100*3","根",6,{"$nulls":5},23.3,139.8,null,"1.763*0.2*0.1",{"v":0.21156,"d":"0.21"}]
[65,null,"屋面梁-15","口200*100*3","根",4,{"$nulls":5},7.9,31.6,null,"0.583*0.2*0.1",{"v":0.04664,"d":"0.05"}]
[66,null,"屋面梁-16","口200*100*3","根",4,{"$nulls":5},7.9,31.6,null,"0.583*0.2*0.1",{"v":0.04664,"d":"0.05"}]
[67,null,"屋面梁-17","口200*100*3","根",8,{"$nulls":5},123.8,990.4,null,"8.963*0.2*0.1",{"v":1.43408,"d":"1.43"}]
[68,null,"屋面梁-18","口200*100*3","根",4,{"$nulls":5},120.1,480.4,null,"8.745*0.2*0.1",{"v":0.6996,"d":"0.70"}]
[69,null,"圆管","φ50*3，L=1167","根",52,{"$nulls":5},3.95,205.4,null,"1.167*0.05*0.05",0.52]
[70,null,"圆管","φ50*3，L=6000","根",9,{"$nulls":5},20.2,181.8,null,"6*0.05*0.05",0.18]
[71,null,"圆管","φ30*3，L=6000","根",13,{"$nulls":5},11.4,148.2,null,"6*0.03*0.03",{"v":0.013,"d":"0.01"}]
[72,null,"扁铁","3*100,L=6000","根",8,{"$nulls":5},14.1,112.8,null,"6*0.1*0.003",{"v":0.008,"d":"0.01"}]
[73,null,"天沟-1",null,"件",4,{"$nulls":5},18.3,73.2,null,"8.8*0.2*0.12",{"v":0.8448,"d":"0.84"}]
[74,null,"天沟-2",null,"件",4,{"$nulls":5},18.3,73.2,null,"8.8*0.2*0.12",{"v":0.8448,"d":"0.84"}]
[75,null,"天沟-3",null,"件",32,{"$nulls":5},12.7,406.4,null,"6.1*0.2*0.12",{"v":4.6848,"d":"4.68"}]
[76,null,"  楼层板-1  ","L=1850","件",48,{"$nulls":5},{"v":14.1594375,"d":"14.16"},{"$f":"L82*F82","v":{"v":679.653,"d":"679.7"}},null,"1.85*1.025*0.051",0.26]
[77,null,"  楼层板-2  ","L=2050","件",12,{"$nulls":5},{"v":15.6901875,"d":"15.69"},{"v":188.28225,"d":"188.3"},null,"2.05*1.025*0.051",0.24]
[78,null,"  楼层板-3  ","L=5350","件",160,{"$nulls":5},{"v":40.9475625,"d":"40.95"},{"v":6551.61,"d":"6551.6"},null,"5.35*1.025*0.051",1.24]
[79,null,"  楼层板-4  ","L=7150","件",230,{"$nulls":5},{"v":54.7243125,"d":"54.72"},{"v":12586.591875,"d":"12586.6"},null,"7.15*1.025*0.051",1.03]
[80,null,"  楼层板-5  ","L=6400","件",28,{"$nulls":5},{"v":48.984,"d":"48.98"},{"v":1371.552,"d":"1371.6"},null,"6.40*1.025*0.051",0.41]
[81,null,"  楼层板-6  ","L=1875","件",24,{"$nulls":5},{"v":14.35078125,"d":"14.35"},{"v":344.41875,"d":"344.4"},null,"1.87*1.025*0.051",0.23]

{"sheet":"1","index":2,"n_rows":425,"n_cols":18,"rows_kept":425,"merged":[[0,3,0,17]]}
[null,"1包货物清单"]
["序号",null,"中文名称","规格型号","单位","数量","单价","总金额","箱号","件数","发货状态","单重（kg)","净重（kg）","长（mm）","宽（mm）","高（mm）","长×宽×高（m）","体积（m3)"]
[1,"  NLCB-1  ","  N楼承板-1  ","YX75-230-690-2.3",null,{"v":88,"d":"88.0"},{"$nulls":5},{"v":182.7166,"d":"182.72"},{"$f":"F3*L3","v":{"v":16079.0608,"d":"16079.06"}},9200,690,{"$f":"75+(F3-1)*2.3","v":275.1},"9.2*0.69*0.2751",{"$f":"N3*O3*P3/1000000000","v":{"v":1.7463348,"d":"1.75"}}]
[2,"  NLCB-2  ","  N楼承板-2  ","YX75-230-690-2.3",null,{"v":2,"d":"2.0"},{"$nulls":5},{"v":183.709625,"d":"183.71"},{"$f":"F4*L4","v":{"v":367.41925,"d":"367.42"}},9250,690,77.3,"9.25*0.69*0.0773",{"$f":"N4*O4*P4/1000000000","v":{"v":0.49336725,"d":"0.49"}}]
[3,"  NLCB-3  ","  N楼承板-3  ","YX75-230-690-2.3",null,{"v":112,"d":"112.0"},{"$nulls":5},{"v":130.006833,"d":"130.01"},{"v":14560.765296,"d":"14560.77"},6546,690,330.3,"6.546*0.69*0.3303",{"v":1.491879222,"d":"1.49"}]
[4,"  NLCB-4  ","  N楼承板-4  ","YX75-230-690-2.3",null,{"v":65,"d":"65.0"},{"$nulls":5},{"v":122.142075,"d":"122.14"},{"v":7939.234875,"d":"7939.23"},6150,690,222.2,"6.15*0.69*0.2222",{"v":0.9429057,"d":"0.94"}]
[5,"  NLCB-5  ","  N楼承板-5  ","YX75-230-690-2.3",null,{"v":3,"d":"3.0"},{"$nulls":5},{"v":173.2034205,"d":"173.20"},{"v":519.6102615,"d":"519.61"},8721,690,79.6,"8.721*0.69*0.0796",{"v":0.478992204,"d":"0.48"}]
[6,"  NLCB-6  ","  N楼承板-6  ","YX75-230-690-2.3",null,{"v":3,"d":"3.0"},{"$nulls":5},{"v":123.1351,"d":"123.14"},{"v":369.4053,"d":"369.41"},6200,690,79.6,"6.2*0.69*0.0796",{"v":0.3405288,"d":"0.34"}]
[7,"  NLCB-7  ","  N楼承板-7  ","YX75-230-690-2.3",null,{"v":23,"d":"23.0"},{"$nulls":5},{"v":120.156025,"d":"120.16"},{"v":2763.588575,"d":"2763.59"},6050,690,125.6,"6.05*0.69*0.1256",{"v":0.5243172,"d":"0.52"}]
[8,"  NLCB-8  ","  N楼承板-8  ","YX75-230-690-2.3",null,{"v":20,"d":"20.0"},{"$nulls":5},{"v":117.17695,"d":"117.18"},{"v":2343.539,"d":"2343.54"},5900,690,118.7,"5.9*0.69*0.1187",{"v":0.4832277,"d":"0.48"}]
[9,"  NLCB-9  ","  N楼承板-9  ","YX75-230-690-2.3",null,{"v":4,"d":"4.0"},{"$nulls":5},{"v":78.7468825,"d":"78.75"},{"v":314.98753,"d":"314.99"},3965,690,81.9,"3.965*0.69*0.0819",{"v":0.224066115,"d":"0.22"}]
[10,"  NLCB-10  ","  N楼承板-10  ","YX75-230-690-2.3",null,{"v":77,"d":"77.0"},{"$nulls":5},{"v":112.211825,"d":"112.21"},{"v":8640.310525,"d":"8640.31"},5650,690,249.8,"5.65*0.69*0.2498",{"v":0.9738453,"d":"0.97"}]
[11,"  NLCB-11  ","  N楼承板-11  ","YX75-230-690-2.3",null,{"v":22,"d":"22.0"},{"$nulls":5},{"v":109.23275,"d":"109.23"},{"v":2403.1205,"d":"2403.12"},5500,690,123.3,"5.5*0.69*0.1233",{"v":0.4679235,"d":"0.47"}]
[12,"  NLCB-12  ","  N楼承板-12  ","YX75-230-690-2.3",null,{"v":11,"d":"11.0"},{"$nulls":5},{"v":151.932825,"d":"151.93"},{"v":1671.261075,"d":"1671.26"},7650,690,98,"7.65*0.69*0.098",{"v":0.517293,"d":"0.52"}]
[13,"  NLCB-13  ","  N楼承板-13  ","YX75-230-690-2.3",null,{"v":24,"d":"24.0"},{"$nulls":5},{"v":130.086275,"d":"130.09"},{"v":3122.0706,"d":"3122.07"},6550,690,127.9,"6.55*0.69*0.1279",{"v":0.57804405,"d":"0.58"}]
[14,"  NLCB-14  ","  N楼承板-14  ","YX75-230-690-2.3",null,{"v":78,"d":"78.0"},{"$nulls":5},{"v":157.0369735,"d":"157.04"},{"v":12248.883933,"d":"12248.88"},7907,690,252.1,"7.907*0.69*0.2521",{"v":1.375414743,"d":"1.38"}]
[15,"  NLCB-15  ","  N楼承板-15  ","YX75-230-690-2.3",null,{"v":4,"d":"4.0"},{"$nulls":5},{"v":155.984367,"d":"155.98"},{"v":623.937468,"d":"623.94"},7854,690,81.9,"7.854*0.69*0.0819",{"v":0.443837394,"d":"0.44"}]
[16,"  NLCB-16  ","  N楼承板-16  ","YX75-230-690-2.3",null,{"v":56,"d":"56.0"},{"$nulls":5},{"v":188.2576795,"d":"188.26"},{"v":10542.430052,"d":"10542.43"},9479,690,201.5,"9.479*0.69*0.2015",{"v":1.317912765,"d":"1.32"}]
[17,"  NLCB-17  ","  N楼承板-17  ","YX75-230-690-2.3",null,{"v":10,"d":"10.0"},{"$nulls":5},{"v":38.2314625,"d":"38.23"},{"v":382.314625,"d":"382.31"},1925,690,95.7,"1.925*0.69*0.0957",{"v":0.127113525,"d":"0.13"}]
[18,"  NLCB-18  ","  N楼承板-18  ","YX75-230-690-2.3",null,{"v":35,"d":"35.0"},{"$nulls":5},{"v":59.382895,"d":"59.38"},{"v":2078.401325,"d":"2078.40"},2990,690,153.2,"2.99*0.69*0.1532",{"v":0.31606692,"d":"0.32"}]
[19,"  NLCB-19  ","  N楼承板-19  ","YX75-230-690-2.3",null,{"v":35,"d":"35.0"},{"$nulls":5},{"v":71.458079,"d":"71.46"},{"v":2501.032765,"d":"2501.03"},3598,690,153.2,"3.598*0.69*0.1532",{"v":0.380337384,"d":"0.38"}]
[20,"  NLCB-20  ","  N楼承板-20  ","YX75-230-690-2.3",null,{"v":35,"d":"35.0"},{"$nulls":5},{"v":28.5792595,"d":"28.58"},{"v":1000.2740825,"d":"1000.27"},1439,690,153.2,"1.439*0.69*0.1532",{"v":0.152113812,"d":"0.15"}]
[21,"  NLCB-21  ","  N楼承板-21  ","YX75-230-690-2.3",null,{"v":3,"d":"3.0"},{"$nulls":5},{"v":42.1241205,"d":"42.12"},{"v":126.3723615,"d":"126.37"},2121,690,79.6,"2.121*0.69*0.0796",{"v":0.116493804,"d":"0.12"}]
[22,"ZB-1","折边-1","PL1.5*2500",null,225,{"$nulls":5},9.516,2141.1,2500,50,250,"2.5*0.05*0.25",{"$f":"N24*O24*P24*F24/1000000000","v":{"v":7.03125,"d":"7.031"}}]
[23,"ZB-2","折边-2","PL1.5*2500",null,75,{"$nulls":5},8.77,657.75,2500,100,175,"2.5*0.1*0.175",{"v":3.28125,"d":"3.281"}]
[24,"ZB-3","折边-3","PL1.5*2500",null,68,{"$nulls":5},7.28,495.04,2500,50,175,"2.5*0.05*0.175",{"v":1.4875,"d":"1.488"}]
[25,"ZB-4","折边-4","PL1.5*2500",null,48,{"$nulls":5},10.26,492.48,2500,150,175,"2.5*0.15*0.175",{"v":3.15,"d":"3.150"}]
[26,"4.5mGGS-1","4.5m钢格栅-1","G403/40/100",null,2,{"$nulls":5},{"v":169.001352,"d":"169.00"},{"$f":"L28*F28","v":{"v":338.002704,"d":"338.00"}},"1677",3120,40,"1.677*3.12*0.04",{"v":0.4185792,"d":"0.419"}]
[27,"4.5mGGS-2","4.5m钢格栅-2","G403/40/100",null,1,{"$nulls":5},{"v":61.047,"d":"61.05"},{"$f":"L29*F29","v":{"v":61.047,"d":"61.05"}},"1400",1350,40,"1.4*1.35*0.04",{"v":0.0756,"d":"0.076"}]
[28,"4.5mGGS-3","4.5m钢格栅-3","G403/40/100",null,1,{"$nulls":5},{"v":83.60209,"d":"83.60"},{"v":83.60209,"d":"83.60"},"1810",1430,40,"1.81*1.43*0.04",{"v":0.103532,"d":"0.104"}]
[29,"4.5mGGS-4","4.5m钢格栅-4","G403/40/100",null,1,{"$nulls":5},{"v":114.54872,"d":"114.55"},{"v":114.54872,"d":"114.55"},"2480",1430,40,"2.48*1.43*0.04",{"v":0.141856,"d":"0.142"}]
[30,"4.5mGGS-5","4.5m钢格栅-5","G403/40/100",null,1,{"$nulls":5},{"v":66.51216,"d":"66.51"},{"v":66.51216,"d":"66.51"},"1440",1430,40,"1.44*1.43*0.04",{"v":0.082368,"d":"0.082"}]
[31,"4.5mGGS-6","4.5m钢格栅-6","G403/40/100",null,1,{"$nulls":5},{"v":64.6646,"d":"64.66"},{"v":64.6646,"d":"64.66"},1430,1400,40,"1.43*1.4*0.04",{"v":0.08008,"d":"0.080"}]
[32,"4.5mGGS-7","4.5m钢格栅-7","G403/40/100",null,2,{"$nulls":5},{"v":181.2353,"d":"181.24"},{"v":362.4706,"d":"362.47"},"1810",3100,40,"1.81*3.1*0.04",{"v":0.44888,"d":"0.449"}]
[33,"4.5mGGS-8","4.5m钢格栅-8","G403/40/100",null,8,{"$nulls":5},{"v":248.3224,"d":"248.32"},{"v":1986.5792,"d":"1986.58"},"2480",3100,40,"2.48*3.1*0.04",{"v":2.46016,"d":"2.460"}]
[34,"4.5mGGS-9","4.5m钢格栅-9","G403/40/100",null,8,{"$nulls":5},{"v":144.1872,"d":"144.19"},{"v":1153.4976,"d":"1153.50"},"1440",3100,40,"1.44*3.1*0.04",{"v":1.42848,"d":"1.428"}]
[35,"4.5mGGS-10","4.5m钢格栅-10","G403/40/100",null,2,{"$nulls":5},{"v":140.182,"d":"140.18"},{"v":280.364,"d":"280.36"},"1400",3100,40,"1.4*3.1*0.04",{"v":0.3472,"d":"0.347"}]
[36,"4.5mGGS-11","4.5m钢格栅-11","G403/40/100",null,1,{"$nulls":5},{"v":78.92505,"d":"78.93"},{"v":78.92505,"d":"78.93"},"1810",1350,40,"1.81*1.35*0.04",{"v":0.09774,"d":"0.098"}]
[37,"4.5mGGS-12","4.5m钢格栅-12","G403/40/100",null,1,{"$nulls":5},{"v":108.1404,"d":"108.14"},{"v":108.1404,"d":"108.14"},"2480",1350,40,"2.48*1.35*0.04",{"v":0.13392,"d":"0.134"}]
[38,"4.5mGGS-13","4.5m钢格栅-13","G403/40/100",null,1,{"$nulls":5},{"v":62.7912,"d":"62.79"},{"v":62.7912,"d":"62.79"},"1440",1350,40,"1.44*1.35*0.04",{"v":0.07776,"d":"0.078"}]
[39,"4.5mGGS-14","4.5m钢格栅-14","G403/40/100",null,1,{"$nulls":5},{"v":116.926,"d":"116.93"},{"v":116.926,"d":"116.93"},"1810",2000,40,"1.81*2*0.04",{"v":0.1448,"d":"0.145"}]
[40,"4.5mGGS-15","4.5m钢格栅-15","G403/40/100",null,2,{"$nulls":5},{"v":160.208,"d":"160.21"},{"v":320.416,"d":"320.42"},"2480",2000,40,"2.48*2*0.04",{"v":0.3968,"d":"0.397"}]
[41,"4.5mGGS-16","4.5m钢格栅-16","G403/40/100",null,2,{"$nulls":5},{"v":93.024,"d":"93.02"},{"v":186.048,"d":"186.05"},"1440",2000,40,"1.44*2*0.04",{"v":0.2304,"d":"0.230"}]
[42,"4.5mGGS-17","4.5m钢格栅-17","G403/40/100",null,1,{"$nulls":5},90.44,90.44,"1400",2000,40,"1.4*2*0.04",0.112]
[43,"4.5mGGS-18","4.5m钢格栅-18","G403/40/100",null,1,{"$nulls":5},{"v":122.7723,"d":"122.77"},{"v":122.7723,"d":"122.77"},"1810",2100,40,"1.81*2.1*0.04",{"v":0.15204,"d":"0.152"}]
[44,"4.5mGGS-19","4.5m钢格栅-19","G403/40/100",null,1,{"$nulls":5},{"v":168.2184,"d":"168.22"},{"v":168.2184,"d":"168.22"},"2480",2100,40,"2.48*2.1*0.04",{"v":0.20832,"d":"0.208"}]
[45,"4.5mGGS-20","4.5m钢格栅-20","G403/40/100",null,1,{"$nulls":5},{"v":97.6752,"d":"97.68"},{"v":97.6752,"d":"97.68"},"1440",2100,40,"1.44*2.1*0.04",{"v":0.12096,"d":"0.121"}]
[46,"4.5mGGS-21","4.5m钢格栅-21","G403/40/100",null,1,{"$nulls":5},{"v":94.962,"d":"94.96"},{"v":94.962,"d":"94.96"},1400,2100,40,"1.4*2.1*0.04",{"v":0.1176,"d":"0.118"}]
[47,"4.5mGGS-22","4.5m钢格栅-22","G403/40/100",null,1,{"$nulls":5},{"v":153.465375,"d":"153.47"},{"v":153.465375,"d":"153.47"},"1810",2625,40,"1.81*2.625*0.04",{"v":0.19005,"d":"0.190"}]
[48,"4.5mGGS-23-1","4.5m钢格栅-23-1","G403/40/100",null,2,{"$nulls":5},{"v":210.273,"d":"210.27"},{"v":420.546,"d":"420.55"},2625,2480,40,"2.625*2.48*0.04",{"v":0.5208,"d":"0.521"}]
[49,"4.5mGGS-23-2","4.5m钢格栅-23-2","G403/40/100",null,1,{"$nulls":5},{"v":210.273,"d":"210.27"},{"v":210.273,"d":"210.27"},2480,2625,40,"2.48*2.625*0.04",{"v":0.2604,"d":"0.260"}]
[50,"4.5mGGS-24-1","4.5m钢格栅-24-1","G403/40/100",null,2,{"$nulls":5},{"v":122.094,"d":"122.09"},{"v":244.188,"d":"244.19"},2625,"1440",40,"2.625*1.44*0.04",{"v":0.3024,"d":"0.302"}]
[51,"4.5mGGS-24-2","4.5m钢格栅-24-2","G403/40/100",null,1,{"$nulls":5},{"v":122.094,"d":"122.09"},{"v":122.094,"d":"122.09"},1440,2625,40,"1.44*2.625*0.04",{"v":0.1512,"d":"0.151"}]
[52,"4.5mGGS-25","4.5m钢格栅-25","G403/40/100",null,1,{"$nulls":5},{"v":118.7025,"d":"118.70"},{"v":118.7025,"d":"118.70"},"1400",2625,40,"1.4*2.625*0.04",0.147]
[53,"4.5mGGS-26","4.5m钢格栅-26","G403/40/100",null,1,{"$nulls":5},{"v":175.389,"d":"175.39"},{"v":175.389,"d":"175.39"},"1810",3000,40,"1.81*3*0.04",{"v":0.2172,"d":"0.217"}]
[54,"4.5mGGS-27","4.5m钢格栅-27","G403/40/100",null,3,{"$nulls":5},{"v":240.312,"d":"240.31"},{"v":720.936,"d":"720.94"},"2480",3000,40,"2.48*3*0.04",{"v":0.8928,"d":"0.893"}]
[55,"4.5mGGS-28","4.5m钢格栅-28","G403/40/100",null,3,{"$nulls":5},{"v":139.536,"d":"139.54"},{"v":418.608,"d":"418.61"},"1440",3000,40,"1.44*3*0.04",{"v":0.5184,"d":"0.518"}]
[56,"4.5mGGS-29","4.5m钢格栅-29","G403/40/100",null,6,{"$nulls":5},{"v":116.39628,"d":"116.40"},{"v":698.37768,"d":"698.38"},1540,2340,40,"1.54*2.34*0.04",{"v":0.864864,"d":"0.865"}]
[57,"4.5mGGS-30","4.5m钢格栅-30","G403/40/100",null,12,{"$nulls":5},{"v":113.373,"d":"113.37"},{"v":1360.476,"d":"1360.48"},1500,"2340",40,"1.5*2.34*0.04",{"v":1.6848,"d":"1.685"}]
[58,"4.5mGGS-31","4.5m钢格栅-31","G403/40/100",null,6,{"$nulls":5},{"v":75.582,"d":"75.58"},{"v":453.492,"d":"453.49"},1000,"2340",40,"1*2.34*0.04",{"v":0.5616,"d":"0.562"}]
[59,"4.5mGGS-32","4.5m钢格栅-32","G403/40/100",null,5,{"$nulls":5},{"v":138.1794,"d":"138.18"},{"v":690.897,"d":"690.90"},"1380",3100,40,"1.38*3.1*0.04",{"v":0.8556,"d":"0.856"}]
[60,"4.5mGGS-33","4.5m钢格栅-33","G403/40/100",null,6,{"$nulls":5},{"v":173.2249,"d":"173.22"},{"v":1039.3494,"d":"1039.35"},"1730",3100,40,"1.73*3.1*0.04",{"v":1.28712,"d":"1.287"}]
[61,"4.5mGGS-34","4.5m钢格栅-34","G403/40/100",null,6,{"$nulls":5},{"v":121.913766,"d":"121.91"},{"v":731.482596,"d":"731.48"},1613,2340,40,"1.613*2.34*0.04",{"v":0.9058608,"d":"0.906"}]
[62,"4.5mGGS-35","4.5m钢格栅-35","G403/40/100",null,2,{"$nulls":5},{"v":167.637,"d":"167.64"},{"v":335.274,"d":"335.27"},"1730",3000,40,"1.73*3*0.04",{"v":0.4152,"d":"0.415"}]
[63,"4.5mGGS-36","4.5m钢格栅-36","G403/40/100",null,2,{"$nulls":5},{"v":57.9462,"d":"57.95"},{"v":115.8924,"d":"115.89"},1950,920,40,"1.95*0.92*0.04",{"v":0.14352,"d":"0.144"}]
[64,"4.5mGGS-37","4.5m钢格栅-37","G403/40/100",null,2,{"$nulls":5},{"v":156.2028,"d":"156.20"},{"v":312.4056,"d":"312.41"},1950,2480,40,"1.95*2.48*0.04",{"v":0.38688,"d":"0.387"}]
[65,"4.5mGGS-38","4.5m钢格栅-38","G403/40/100",null,2,{"$nulls":5},{"v":90.6984,"d":"90.70"},{"v":181.3968,"d":"181.40"},1950,"1440",40,"1.95*1.44*0.04",{"v":0.22464,"d":"0.225"}]
[66,"4.5mGGS-39","4.5m钢格栅-39","G403/40/100",null,2,{"$nulls":5},{"v":78.0045,"d":"78.00"},{"v":156.009,"d":"156.01"},2625,"920",40,"2.625*0.92*0.04",{"v":0.1932,"d":"0.193"}]
[67,"4.5mGGS-40","4.5m钢格栅-40","G403/40/100",null,1,{"$nulls":5},{"v":20.89164,"d":"20.89"},{"v":20.89164,"d":"20.89"},1400,462,40,"1.4*0.462*0.04",{"v":0.025872,"d":"0.026"}]
[68,"4.5mGGS-41","4.5m钢格栅-41","G403/40/100",null,2,{"$nulls":5},{"v":141.0864,"d":"141.09"},{"v":282.1728,"d":"282.17"},"1400",3120,40,"1.4*3.12*0.04",{"v":0.34944,"d":"0.349"}]
[69,"4.5mGGS-42","4.5m钢格栅-42","G403/40/100",null,2,{"$nulls":5},{"v":241.056192,"d":"241.06"},{"v":482.112384,"d":"482.11"},"2392",3120,40,"2.392*3.12*0.04",{"v":0.5970432,"d":"0.597"}]
[70,"4.5mGGS-43","4.5m钢格栅-43","G403/40/100",null,2,{"$nulls":5},{"v":162.954792,"d":"162.95"},{"v":325.909584,"d":"325.91"},"1617",3120,40,"1.617*3.12*0.04",{"v":0.4036032,"d":"0.404"}]
[71,"4.5mGGS-44","4.5m钢格栅-44","G403/40/100",null,1,{"$nulls":5},{"v":24.1927,"d":"24.19"},{"v":24.1927,"d":"24.19"},1400,"535",40,"1.4*0.535*0.04",{"v":0.02996,"d":"0.030"}]
[72,"4.5mGGS-45","4.5m钢格栅-45","G403/40/100",null,1,{"$nulls":5},135.66,135.66,"1400",3000,40,"1.4*3*0.04",0.168]
[73,"4.5mGGS-46","4.5m钢格栅-46","G403/40/100",null,2,{"$nulls":5},{"v":75.7758,"d":"75.78"},{"v":151.5516,"d":"151.55"},"1380",1700,40,"1.38*1.7*0.04",{"v":0.18768,"d":"0.188"}]
[74,"4.5mGGS-47","4.5m钢格栅-47","G403/40/100",null,2,{"$nulls":5},{"v":94.9943,"d":"94.99"},{"v":189.9886,"d":"189.99"},"1730",1700,40,"1.73*1.7*0.04",{"v":0.23528,"d":"0.235"}]
[75,"4.5mGGS-48","4.5m钢格栅-48","G403/40/100",null,2,{"$nulls":5},{"v":136.1768,"d":"136.18"},{"v":272.3536,"d":"272.35"},"2480",1700,40,"2.48*1.7*0.04",{"v":0.33728,"d":"0.337"}]
[76,"4.5mGGS-49","4.5m钢格栅-49","G403/40/100",null,2,{"$nulls":5},{"v":79.0704,"d":"79.07"},{"v":158.1408,"d":"158.14"},"1440",1700,40,"1.44*1.7*0.04",{"v":0.19584,"d":"0.196"}]
[77,"4.5mGGS-50","4.5m钢格栅-50","G403/40/100",null,1,{"$nulls":5},{"v":133.722,"d":"133.72"},{"v":133.722,"d":"133.72"},"1380",3000,40,"1.38*3*0.04",{"v":0.1656,"d":"0.166"}]
[78,"4.5mGGS-51","4.5m钢格栅-51","G403/40/100",null,1,{"$nulls":5},{"v":207.7213,"d":"207.72"},{"v":207.7213,"d":"207.72"},2180,"2950",40,"2.18*2.95*0.04",{"v":0.25724,"d":"0.257"}]
[79,"4.5mGGS-52","4.5m钢格栅-52","G403/40/100",null,1,{"$nulls":5},{"v":89.148,"d":"89.15"},{"v":89.148,"d":"89.15"},1380,2000,40,"1.38*2*0.04",{"v":0.1104,"d":"0.110"}]
[80,"4.5mGGS-53","4.5m钢格栅-53","G403/40/100",null,1,{"$nulls":5},{"v":111.758,"d":"111.76"},{"v":111.758,"d":"111.76"},1730,2000,40,"1.73*2*0.04",{"v":0.1384,"d":"0.138"}]
[81,"8.5mGGS-1","8.5m钢格栅-1","G403/40/100",null,8,{"$nulls":5},{"v":127.95645,"d":"127.96"},{"v":1023.6516,"d":"1023.65"},1390,2850,40,"1.39*2.85*0.04",{"v":1.26768,"d":"1.268"}]
[82,"8.5mGGS-2","8.5m钢格栅-2","G403/40/100",null,4,{"$nulls":5},{"v":131.79692,"d":"131.80"},{"v":527.18768,"d":"527.19"},"2020",2020,40,"2.02*2.02*0.04",{"v":0.652864,"d":"0.653"}]
[83,"8.5mGGS-3","8.5m钢格栅-3","G403/40/100",null,16,{"$nulls":5},{"v":143.21497,"d":"143.21"},{"v":2291.43952,"d":"2291.44"},2020,2195,40,"2.02*2.195*0.04",{"v":2.837696,"d":"2.838"}]
[84,"8.5mGGS-4","8.5m钢格栅-4","G403/40/100",null,2,{"$nulls":5},{"v":52.130585,"d":"52.13"},{"v":104.26117,"d":"104.26"},"650",2483,40,"0.65*2.483*0.04",{"v":0.129116,"d":"0.129"}]
[85,"8.5mGGS-5","8.5m钢格栅-5","G403/40/100",null,4,{"$nulls":5},{"v":45.370195,"d":"45.37"},{"v":181.48078,"d":"181.48"},"650",2161,40,"0.65*2.161*0.04",{"v":0.224744,"d":"0.225"}]
[86,"8.5mGGS-6","8.5m钢格栅-6","G403/40/100",null,4,{"$nulls":5},{"v":112.42984,"d":"112.43"},{"v":449.71936,"d":"449.72"},"1520",2290,40,"1.52*2.29*0.04",{"$f":"N88*O88*P88*F88/1000000000","v":{"v":0.556928,"d":"0.557"}}]
[87,"8.5mGGS-7","8.5m钢格栅-7","G403/40/100",null,8,{"$nulls":5},{"v":98.192,"d":"98.19"},{"v":785.536,"d":"785.54"},"1520",2000,40,"1.52*2*0.04",{"v":0.9728,"d":"0.973"}]
[88,"8.5mGGS-8","8.5m钢格栅-8","G403/40/100",null,4,{"$nulls":5},{"v":35.018368,"d":"35.02"},{"v":140.073472,"d":"140.07"},968,1120,40,"0.968*1.12*0.04",{"v":0.1734656,"d":"0.173"}]
[89,"8.5mGGS-9","8.5m钢格栅-9","G403/40/100",null,4,{"$nulls":5},{"v":76.33782,"d":"76.34"},{"v":305.35128,"d":"305.35"},"1170",2020,40,"1.17*2.02*0.04",{"v":0.378144,"d":"0.378"}]
[90,"8.5mGGS-10","8.5m钢格栅-10","G403/40/100",null,4,{"$nulls":5},{"v":73.238958,"d":"73.24"},{"v":292.955832,"d":"292.96"},"1170",1938,40,"1.17*1.938*0.04",{"v":0.3627936,"d":"0.363"}]
[91,"8.5mGGS-11","8.5m钢格栅-11","G403/40/100",null,2,{"$nulls":5},{"v":47.931585,"d":"47.93"},{"$f":"L93*F93","v":{"v":95.86317,"d":"95.86"}},"650",2283,40,"0.65*2.283*0.04",{"v":0.118716,"d":"0.119"}]
[92,"8.5mGGS-12","8.5m钢格栅-12","G403/40/100",null,2,{"$nulls":5},{"v":125.0333,"d":"125.03"},{"v":250.0666,"d":"250.07"},2450,1580,40,"2.45*1.58*0.04",{"v":0.30968,"d":"0.310"}]
[93,"8.5mGGS-13","8.5m钢格栅-13","G403/40/100",null,4,{"$nulls":5},{"v":186.489864,"d":"186.49"},{"v":745.959456,"d":"745.96"},2673,"2160",40,"2.673*2.16*0.04",{"v":0.9237888,"d":"0.924"}]
[94,"8.5mGGS-14","8.5m钢格栅-14","G403/40/100",null,2,{"$nulls":5},{"v":107.1714,"d":"107.17"},{"v":214.3428,"d":"214.34"},2100,1580,40,"2.1*1.58*0.04",{"v":0.26544,"d":"0.265"}]
[95,"8.5mGGS-15","8.5m钢格栅-15","G403/40/100",null,2,{"$nulls":5},{"v":146.5128,"d":"146.51"},{"v":293.0256,"d":"293.03"},2100,2160,40,"2.1*2.16*0.04",{"v":0.36288,"d":"0.363"}]
[96,"8.5mGGS-16","8.5m钢格栅-16","G403/40/100",null,2,{"$nulls":5},{"v":136.413882,"d":"136.41"},{"v":272.827764,"d":"272.83"},2673,1580,40,"2.673*1.58*0.04",{"v":0.3378672,"d":"0.338"}]
[97,"8.5mGGS-17","8.5m钢格栅-17","G403/40/100",null,4,{"$nulls":5},{"v":76.998355,"d":"77.00"},{"v":307.99342,"d":"307.99"},"2450",973,40,"2.45*0.973*0.04",{"v":0.381416,"d":"0.381"}]
[98,"8.5mGGS-18","8.5m钢格栅-18","G403/40/100",null,4,{"$nulls":5},{"v":217.62125,"d":"217.62"},{"v":870.485,"d":"870.49"},"2450",2750,40,"2.45*2.75*0.04",1.078]
[99,"8.5mGGS-19","8.5m钢格栅-19","G403/40/100",null,4,{"$nulls":5},{"v":29.542226,"d":"29.54"},{"v":118.168904,"d":"118.17"},"940",973,40,"0.94*0.973*0.04",{"v":0.1463392,"d":"0.146"}]
[100,"8.5mGGS-20","8.5m钢格栅-20","G403/40/100",null,4,{"$nulls":5},{"v":83.4955,"d":"83.50"},{"v":333.982,"d":"333.98"},"940",2750,40,"0.94*2.75*0.04",{"v":0.4136,"d":"0.414"}]
[101,"9.5mGGS-1","9.5m钢格栅-1","G403/40/100",null,3,{"$nulls":5},{"v":152.6175,"d":"152.62"},{"v":457.8525,"d":"457.85"},2700,"1750",40,"2.7*1.75*0.04",0.567]
[102,"9.5mGGS-2","9.5m钢格栅-2","G403/40/100",null,4,{"$nulls":5},{"v":93.024,"d":"93.02"},{"v":372.096,"d":"372.10"},"1440",2000,40,"1.44*2*0.04",{"v":0.4608,"d":"0.461"}]
[103,"9.5mGGS-3","9.5m钢格栅-3","G403/40/100",null,4,{"$nulls":5},90.44,361.76,"1400",2000,40,"1.4*2*0.04",0.448]
[104,"9.5mGGS-4","9.5m钢格栅-4","G403/40/100",null,2,{"$nulls":5},{"v":97.6752,"d":"97.68"},{"v":195.3504,"d":"195.35"},"1440",2100,40,"1.44*2.1*0.04",{"v":0.24192,"d":"0.242"}]
[105,"9.5mGGS-5","9.5m钢格栅-5","G403/40/100",null,2,{"$nulls":5},{"v":94.962,"d":"94.96"},{"v":189.924,"d":"189.92"},"1400",2100,40,"1.4*2.1*0.04",{"v":0.2352,"d":"0.235"}]
[106,"9.5mGGS-6","9.5m钢格栅-6","G403/40/100",null,6,{"$nulls":5},{"v":101.5835,"d":"101.58"},{"v":609.501,"d":"609.50"},1850,1700,40,"1.85*1.7*0.04",{"v":0.7548,"d":"0.755"}]
[107,"9.5mGGS-7","9.5m钢格栅-7","G403/40/100",null,4,{"$nulls":5},{"v":80.370475,"d":"80.37"},{"v":321.4819,"d":"321.48"},1850,1345,40,"1.85*1.345*0.04",{"v":0.39812,"d":"0.398"}]
[108,"9.5mGGS-8","9.5m钢格栅-8","G403/40/100",null,7,{"$nulls":5},{"v":98.838,"d":"98.84"},{"v":691.866,"d":"691.87"},1800,1700,40,"1.8*1.7*0.04",{"v":0.8568,"d":"0.857"}]
[109,"9.5mGGS-9","9.5m钢格栅-9","G403/40/100",null,6,{"$nulls":5},{"v":78.1983,"d":"78.20"},{"v":469.1898,"d":"469.19"},1800,"1345",40,"1.8*1.345*0.04",{"v":0.58104,"d":"0.581"}]
[110,"9.5mGGS-10","9.5m钢格栅-10","G403/40/100",null,2,{"$nulls":5},{"v":183.141,"d":"183.14"},{"v":366.282,"d":"366.28"},"1750",3240,40,"1.75*3.24*0.04",{"v":0.4536,"d":"0.454"}]
[111,"9.5mGGS-11","9.5m钢格栅-11","G403/40/100",null,5,{"$nulls":5},{"v":188.3736,"d":"188.37"},{"v":941.868,"d":"941.87"},"1800",3240,40,"1.8*3.24*0.04",{"v":1.1664,"d":"1.166"}]
[112,"9.5mGGS-12","9.5m钢格栅-12","G403/40/100",null,4,{"$nulls":5},{"v":192.55968,"d":"192.56"},{"v":770.23872,"d":"770.24"},"1840",3240,40,"1.84*3.24*0.04",{"v":0.953856,"d":"0.954"}]
[113,"9.5mGGS-13","9.5m钢格栅-13","G403/40/100",null,2,{"$nulls":5},{"v":140.45655,"d":"140.46"},{"v":280.9131,"d":"280.91"},"1300",3345,40,"1.3*3.345*0.04",{"v":0.34788,"d":"0.348"}]
[114,"9.5mGGS-14","9.5m钢格栅-14","G403/40/100",null,2,{"$nulls":5},{"v":117.767415,"d":"117.77"},{"v":235.53483,"d":"235.53"},3345,1090,40,"3.345*1.09*0.04",{"v":0.291684,"d":"0.292"}]
[115,"9.5mGGS-15","9.5m钢格栅-15","G403/40/100",null,2,{"$nulls":5},{"v":95.0589,"d":"95.06"},{"v":190.1178,"d":"190.12"},2700,"1090",40,"2.7*1.09*0.04",{"v":0.23544,"d":"0.235"}]
[116,"9.5mGGS-16","9.5m钢格栅-16","G403/40/100",null,8,{"$nulls":5},{"v":151.2609,"d":"151.26"},{"v":1210.0872,"d":"1210.09"},3345,1400,40,"3.345*1.4*0.04",{"v":1.49856,"d":"1.499"}]
[117,"9.5mGGS-17","9.5m钢格栅-17","G403/40/100",null,10,{"$nulls":5},{"v":122.094,"d":"122.09"},1220.94,2700,1400,40,"2.7*1.4*0.04",1.512]
[118,"9.5mGGS-18","9.5m钢格栅-18","G403/40/100",null,2,{"$nulls":5},{"v":192.737976,"d":"192.74"},{"v":385.475952,"d":"385.48"},3243,1840,40,"3.243*1.84*0.04",{"v":0.4773696,"d":"0.477"}]
[119,"9.5mGGS-19","9.5m钢格栅-19","G403/40/100",null,2,{"$nulls":5},{"v":183.310575,"d":"183.31"},{"v":366.62115,"d":"366.62"},3243,1750,40,"3.243*1.75*0.04",{"v":0.45402,"d":"0.454"}]
[120,"9.5mGGS-20","9.5m钢格栅-20","G403/40/100",null,4,{"$nulls":5},{"v":160.4664,"d":"160.47"},{"v":641.8656,"d":"641.87"},2700,1840,40,"2.7*1.84*0.04",{"v":0.79488,"d":"0.795"}]
[121,"9.5mGGS-21","9.5m钢格栅-21","G403/40/100",null,2,{"$nulls":5},{"v":187.2108,"d":"187.21"},{"v":374.4216,"d":"374.42"},"1840",3150,40,"1.84*3.15*0.04",{"v":0.46368,"d":"0.464"}]
[122,"9.5mGGS-22","9.5m钢格栅-22","G403/40/100",null,2,{"$nulls":5},{"v":178.05375,"d":"178.05"},{"v":356.1075,"d":"356.11"},"1750",3150,40,"1.75*3.15*0.04",0.441]
[123,"9.5mGGS-23","9.5m钢格栅-23","G403/40/100",null,1,{"$nulls":5},{"v":132.2685,"d":"132.27"},{"v":132.2685,"d":"132.27"},"1300",3150,40,"1.3*3.15*0.04",{"v":0.1638,"d":"0.164"}]
[124,"9.5mGGS-24","9.5m钢格栅-24","G403/40/100",null,2,{"$nulls":5},{"v":109.533176,"d":"109.53"},{"v":219.066352,"d":"219.07"},"1840",1843,40,"1.84*1.843*0.04",{"v":0.2712896,"d":"0.271"}]
[125,"9.5mGGS-25","9.5m钢格栅-25","G403/40/100",null,2,{"$nulls":5},{"v":104.175575,"d":"104.18"},{"v":208.35115,"d":"208.35"},"1750",1843,40,"1.75*1.843*0.04",{"v":0.25802,"d":"0.258"}]
[126,"9.5mGGS-26","9.5m钢格栅-26","G403/40/100",null,2,{"$nulls":5},{"v":83.34046,"d":"83.34"},{"v":166.68092,"d":"166.68"},"1400",1843,40,"1.4*1.843*0.04",{"v":0.206416,"d":"0.206"}]
[127,"9.5mGGS-27","9.5m钢格栅-27","G403/40/100",null,8,{"$nulls":5},148.58,1188.64,"1840",2500,40,"1.84*2.5*0.04",1.472]
[128,"9.5mGGS-28","9.5m钢格栅-28","G403/40/100",null,8,{"$nulls":5},{"v":141.3125,"d":"141.31"},{"v":1130.5,"d":"1130.50"},"1750",2500,40,"1.75*2.5*0.04",{"v":1.4,"d":"1.400"}]
[129,"9.5mGGS-29","9.5m钢格栅-29","G403/40/100",null,14,{"$nulls":5},113.05,{"v":1582.7,"d":"1582.70"},"1400",2500,40,"1.4*2.5*0.04",{"v":1.96,"d":"1.960"}]
[130,"9.5mGGS-30","9.5m钢格栅-30","G403/40/100",null,1,{"$nulls":5},{"v":191.54223,"d":"191.54"},{"v":191.54223,"d":"191.54"},"1980",2995,40,"1.98*2.995*0.04",{"v":0.237204,"d":"0.237"}]
[131,"9.5mGGS-31","9.5m钢格栅-31","G403/40/100",null,1,{"$nulls":5},{"v":202.586246,"d":"202.59"},{"v":202.586246,"d":"202.59"},3233,1940,40,"3.233*1.94*0.04",{"v":0.2508808,"d":"0.251"}]
[132,"9.5mGGS-32","9.5m钢格栅-32","G403/40/100",null,1,{"$nulls":5},{"v":179.965264,"d":"179.97"},{"v":179.965264,"d":"179.97"},2872,1940,40,"2.872*1.94*0.04",{"v":0.2228672,"d":"0.223"}]
[133,"9.5mGGS-33","9.5m钢格栅-33","G403/40/100",null,1,{"$nulls":5},{"v":156.63885,"d":"156.64"},{"v":156.63885,"d":"156.64"},3233,1500,40,"3.233*1.5*0.04",{"v":0.19398,"d":"0.194"}]
[134,"9.5mGGS-34","9.5m钢格栅-34","G403/40/100",null,2,{"$nulls":5},{"v":139.1484,"d":"139.15"},{"v":278.2968,"d":"278.30"},2872,1500,40,"2.872*1.5*0.04",{"v":0.34464,"d":"0.345"}]
[135,"9.5mGGS-35","9.5m钢格栅-35","G403/40/100",null,1,{"$nulls":5},{"v":141.61935,"d":"141.62"},{"v":141.61935,"d":"141.62"},2923,1500,40,"2.923*1.5*0.04",{"v":0.17538,"d":"0.175"}]
[136,"9.5mGGS-36","9.5m钢格栅-36","G403/40/100",null,1,{"$nulls":5},{"v":151.06064,"d":"151.06"},{"v":151.06064,"d":"151.06"},2923,"1600",40,"2.923*1.6*0.04",{"v":0.187072,"d":"0.187"}]
[137,"9.5mGGS-37","9.5m钢格栅-37","G403/40/100",null,1,{"$nulls":5},{"v":148.42496,"d":"148.42"},{"v":148.42496,"d":"148.42"},2872,"1600",40,"2.872*1.6*0.04",{"v":0.183808,"d":"0.184"}]
[138,"9.5mGGS-38","9.5m钢格栅-38","G403/40/100",null,1,{"$nulls":5},{"v":155.781285,"d":"155.78"},{"v":155.781285,"d":"155.78"},2923,1650,40,"2.923*1.65*0.04",{"v":0.192918,"d":"0.193"}]
[139,"9.5mGGS-39","9.5m钢格栅-39","G403/40/100",null,2,{"$nulls":5},{"v":126.9853505,"d":"126.99"},{"v":253.970701,"d":"253.97"},2923,1345,40,"2.923*1.345*0.04",{"v":0.3145148,"d":"0.315"}]
[140,"9.5mGGS-40","9.5m钢格栅-40","G403/40/100",null,1,{"$nulls":5},{"v":152.263815,"d":"152.26"},{"v":152.263815,"d":"152.26"},2857,1650,40,"2.857*1.65*0.04",{"v":0.188562,"d":"0.189"}]
[141,"9.5mGGS-41","9.5m钢格栅-41","G403/40/100",null,2,{"$nulls":5},{"v":124.1180795,"d":"124.12"},{"v":248.236159,"d":"248.24"},2857,1345,40,"2.857*1.345*0.04",{"v":0.3074132,"d":"0.307"}]
[142,"9.5mGGS-42","9.5m钢格栅-42","G403/40/100",null,6,{"$nulls":5},{"v":120.3175,"d":"120.32"},{"v":721.905,"d":"721.91"},"1490",2500,40,"1.49*2.5*0.04",0.894]
[143,"9.5mGGS-43","9.5m钢格栅-43","G403/40/100",null,4,{"$nulls":5},{"v":101.1636,"d":"101.16"},{"v":404.6544,"d":"404.65"},"1440",2175,40,"1.44*2.175*0.04",{"v":0.50112,"d":"0.501"}]
[144,"9.5mGGS-44","9.5m钢格栅-44","G403/40/100",null,4,{"$nulls":5},{"v":98.3535,"d":"98.35"},{"v":393.414,"d":"393.41"},"1400",2175,40,"1.4*2.175*0.04",{"v":0.4872,"d":"0.487"}]
[145,"9.5mGGS-45","9.5m钢格栅-45","G403/40/100",null,4,{"$nulls":5},{"v":104.676225,"d":"104.68"},{"v":418.7049,"d":"418.70"},"1490",2175,40,"1.49*2.175*0.04",{"v":0.51852,"d":"0.519"}]
[146,"9.5mGGS-46","9.5m钢格栅-46","G403/40/100",null,2,{"$nulls":5},{"v":137.35575,"d":"137.36"},{"v":274.7115,"d":"274.71"},"1350",3150,40,"1.35*3.15*0.04",{"v":0.3402,"d":"0.340"}]
[147,"9.5mGGS-47","9.5m钢格栅-47","G403/40/100",null,3,{"$nulls":5},{"v":142.443,"d":"142.44"},{"v":427.329,"d":"427.33"},"1400",3150,40,"1.4*3.15*0.04",{"v":0.5292,"d":"0.529"}]
[148,"9.5mGGS-48","9.5m钢格栅-48","G403/40/100",null,2,{"$nulls":5},{"v":151.60005,"d":"151.60"},{"v":303.2001,"d":"303.20"},"1490",3150,40,"1.49*3.15*0.04",{"v":0.37548,"d":"0.375"}]
[149,"9.5mGGS-49","9.5m钢格栅-49","G403/40/100",null,14,{"$nulls":5},{"v":150.78609,"d":"150.79"},{"v":2111.00526,"d":"2111.01"},3458,1350,40,"3.458*1.35*0.04",{"v":2.614248,"d":"2.614"}]
[150,"9.5mGGS-50","9.5m钢格栅-50","G403/40/100",null,6,{"$nulls":5},{"v":83.45997,"d":"83.46"},{"v":500.75982,"d":"500.76"},1914,1350,40,"1.914*1.35*0.04",{"$f":"N152*O152*P152*F152/1000000000","v":{"v":0.620136,"d":"0.620"}}]
[151,"9.5mGGS-51","9.5m钢格栅-51","G403/40/100",null,6,{"$nulls":5},{"v":99.33219,"d":"99.33"},{"v":595.99314,"d":"595.99"},2278,1350,40,"2.278*1.35*0.04",{"v":0.738072,"d":"0.738"}]
[152,"9.5mGGS-52","9.5m钢格栅-52","G403/40/100",null,3,{"$nulls":5},{"v":86.55108,"d":"86.55"},{"v":259.65324,"d":"259.65"},1914,1400,40,"1.914*1.4*0.04",{"v":0.321552,"d":"0.322"}]
[153,"9.5mGGS-53","9.5m钢格栅-53","G403/40/100",null,2,{"$nulls":5},{"v":92.115078,"d":"92.12"},{"v":184.230156,"d":"184.23"},1914,1490,40,"1.914*1.49*0.04",{"v":0.2281488,"d":"0.228"}]
[154,"9.5mGGS-54","9.5m钢格栅-54","G403/40/100",null,3,{"$nulls":5},{"v":103.01116,"d":"103.01"},{"v":309.03348,"d":"309.03"},2278,1400,40,"2.278*1.4*0.04",{"v":0.382704,"d":"0.383"}]
[155,"9.5mGGS-55","9.5m钢格栅-55","G403/40/100",null,2,{"$nulls":5},{"v":109.633306,"d":"109.63"},{"$f":"L157*F157","v":{"v":219.266612,"d":"219.27"}},2278,1490,40,"2.278*1.49*0.04",{"v":0.2715376,"d":"0.272"}]
[156,"9.5mGGS-56","9.5m钢格栅-56","G403/40/100",null,4,{"$nulls":5},{"v":202.0688,"d":"202.07"},{"v":808.2752,"d":"808.28"},3400,1840,40,"3.4*1.84*0.04",{"v":1.00096,"d":"1.001"}]
[157,"9.5mGGS-57","9.5m钢格栅-57","G403/40/100",null,3,{"$nulls":5},{"v":197.676,"d":"197.68"},{"v":593.028,"d":"593.03"},3400,1800,40,"3.4*1.8*0.04",{"v":0.7344,"d":"0.734"}]
[158,"9.5mGGS-58","9.5m钢格栅-58","G403/40/100",null,3,{"$nulls":5},{"v":156.978,"d":"156.98"},{"v":470.934,"d":"470.93"},2700,1800,40,"2.7*1.8*0.04",{"v":0.5832,"d":"0.583"}]
[159,"9.5mGGS-59","9.5m钢格栅-59","G403/40/100",null,2,{"$nulls":5},{"v":141.71625,"d":"141.72"},{"v":283.4325,"d":"283.43"},3250,1350,40,"3.25*1.35*0.04",0.351]
[160,"9.5mGGS-60","9.5m钢格栅-60","G403/40/100",null,2,{"$nulls":5},{"v":146.965,"d":"146.97"},293.93,3250,1400,40,"3.25*1.4*0.04",0.364]
[161,"9.5mGGS-61","9.5m钢格栅-61","G403/40/100",null,2,{"$nulls":5},{"v":156.41275,"d":"156.41"},{"v":312.8255,"d":"312.83"},3250,"1490",40,"3.25*1.49*0.04",{"v":0.3874,"d":"0.387"}]
[162,"9.5mGGS-62","9.5m钢格栅-62","G403/40/100",null,2,{"$nulls":5},{"v":117.7335,"d":"117.73"},{"v":235.467,"d":"235.47"},2700,"1350",40,"2.7*1.35*0.04",{"v":0.2916,"d":"0.292"}]
[163,"9.5mGGS-63","9.5m钢格栅-63","G403/40/100",null,2,{"$nulls":5},{"v":129.9429,"d":"129.94"},{"v":259.8858,"d":"259.89"},2700,1490,40,"2.7*1.49*0.04",{"v":0.32184,"d":"0.322"}]
[164,"9.5mGGS-64","9.5m钢格栅-64","G403/40/100",null,1,{"$nulls":5},{"v":146.86164,"d":"146.86"},{"v":146.86164,"d":"146.86"},3368,1350,40,"3.368*1.35*0.04",{"v":0.181872,"d":"0.182"}]
[165,"9.5mGGS-65","9.5m钢格栅-65","G403/40/100",null,3,{"$nulls":5},{"v":152.30096,"d":"152.30"},{"v":456.90288,"d":"456.90"},3368,1400,40,"3.368*1.4*0.04",{"v":0.565824,"d":"0.566"}]
[166,"9.5mGGS-66","9.5m钢格栅-66","G403/40/100",null,2,{"$nulls":5},{"v":162.091736,"d":"162.09"},{"v":324.183472,"d":"324.18"},3368,1490,40,"3.368*1.49*0.04",{"v":0.4014656,"d":"0.401"}]
[167,"9.5mGGS-67","9.5m钢格栅-67","G403/40/100",null,2,{"$nulls":5},{"v":101.0667,"d":"101.07"},{"v":202.1334,"d":"202.13"},"1490",2100,40,"1.49*2.1*0.04",{"v":0.25032,"d":"0.250"}]
[168,"9.5mGGS-68","9.5m钢格栅-68","G403/40/100",null,4,{"$nulls":5},{"v":96.254,"d":"96.25"},{"v":385.016,"d":"385.02"},"1490",2000,40,"1.49*2*0.04",{"v":0.4768,"d":"0.477"}]
[169,"9.5mGGS-69","9.5m钢格栅-69","G403/40/100",null,6,{"$nulls":5},116.28,697.68,"1440",2500,40,"1.44*2.5*0.04",0.864]
[170,"9.5mGGS-70","9.5m钢格栅-70","G403/40/100",null,6,{"$nulls":5},{"v":108.45694,"d":"108.46"},{"v":650.74164,"d":"650.74"},2060,1630,40,"2.06*1.63*0.04",{"v":0.805872,"d":"0.806"}]
[171,"9.5mGGS-71","9.5m钢格栅-71","G403/40/100",null,6,{"$nulls":5},{"v":112.247668,"d":"112.25"},{"v":673.486008,"d":"673.49"},2132,1630,40,"2.132*1.63*0.04",{"v":0.8340384,"d":"0.834"}]
[172,"9.5mGGS-72","9.5m钢格栅-72","G403/40/100",null,6,{"$nulls":5},{"v":182.060242,"d":"182.06"},{"v":1092.361452,"d":"1092.36"},3458,1630,40,"3.458*1.63*0.04",{"v":1.3527696,"d":"1.353"}]
[173,"9.5mGGS-73","9.5m钢格栅-73","G403/40/100",null,2,{"$nulls":5},{"v":53.2304,"d":"53.23"},{"v":106.4608,"d":"106.46"},2060,800,40,"2.06*0.8*0.04",{"v":0.13184,"d":"0.132"}]
[174,"9.5mGGS-74","9.5m钢格栅-74","G403/40/100",null,2,{"$nulls":5},{"v":55.09088,"d":"55.09"},{"v":110.18176,"d":"110.18"},2132,800,40,"2.132*0.8*0.04",{"v":0.136448,"d":"0.136"}]
[175,"9.5mGGS-75","9.5m钢格栅-75","G403/40/100",null,2,{"$nulls":5},{"v":89.35472,"d":"89.35"},{"v":178.70944,"d":"178.71"},3458,800,40,"3.458*0.8*0.04",{"v":0.221312,"d":"0.221"}]
[176,"9.5mGGS-76","9.5m钢格栅-76","G403/40/100",null,7,{"$nulls":5},{"v":89.8263,"d":"89.83"},{"v":628.7841,"d":"628.78"},2060,1350,40,"2.06*1.35*0.04",{"v":0.77868,"d":"0.779"}]
[177,"9.5mGGS-77","9.5m钢格栅-77","G403/40/100",null,7,{"$nulls":5},{"v":92.96586,"d":"92.97"},{"v":650.76102,"d":"650.76"},2132,1350,40,"2.132*1.35*0.04",{"v":0.805896,"d":"0.806"}]
[178,"9.5mGGS-78","9.5m钢格栅-78","G403/40/100",null,2,{"$nulls":5},{"v":134.73945,"d":"134.74"},{"v":269.4789,"d":"269.48"},2060,2025,40,"2.06*2.025*0.04",{"v":0.33372,"d":"0.334"}]
[179,"9.5mGGS-79","9.5m钢格栅-79","G403/40/100",null,1,{"$nulls":5},{"v":139.44879,"d":"139.45"},{"v":139.44879,"d":"139.45"},2132,2025,40,"2.132*2.025*0.04",{"v":0.172692,"d":"0.173"}]
[180,"9.5mGGS-80","9.5m钢格栅-80","G403/40/100",null,1,{"$nulls":5},{"v":226.179135,"d":"226.18"},{"v":226.179135,"d":"226.18"},3458,2025,40,"3.458*2.025*0.04",{"v":0.280098,"d":"0.280"}]
[181,"9.5mGGS-81","9.5m钢格栅-81","G403/40/100",null,6,{"$nulls":5},{"v":72.03546,"d":"72.04"},{"v":432.21276,"d":"432.21"},1593,1400,40,"1.593*1.4*0.04",{"v":0.535248,"d":"0.535"}]
[182,"9.5mGGS-82","9.5m钢格栅-82","G403/40/100",null,6,{"$nulls":5},{"v":156.37076,"d":"156.37"},{"v":938.22456,"d":"938.22"},3458,1400,40,"3.458*1.4*0.04",{"v":1.161888,"d":"1.162"}]
[183,"9.5mGGS-83","9.5m钢格栅-83","G403/40/100",null,2,{"$nulls":5},{"v":69.462765,"d":"69.46"},{"v":138.92553,"d":"138.93"},1593,1350,40,"1.593*1.35*0.04",{"v":0.172044,"d":"0.172"}]
[184,"9.5mGGS-84","9.5m钢格栅-84","G403/40/100",null,2,{"$nulls":5},{"v":83.6125875,"d":"83.61"},{"v":167.225175,"d":"167.23"},1593,1625,40,"1.593*1.625*0.04",{"v":0.20709,"d":"0.207"}]
[185,"9.5mGGS-85","9.5m钢格栅-85","G403/40/100",null,2,{"$nulls":5},{"v":181.501775,"d":"181.50"},{"v":363.00355,"d":"363.00"},3458,1625,40,"3.458*1.625*0.04",{"v":0.44954,"d":"0.450"}]
[186,"9.5mGGS-86","9.5m钢格栅-86","G403/40/100",null,4,{"$nulls":5},{"v":178.59316,"d":"178.59"},{"v":714.37264,"d":"714.37"},"1840",3005,40,"1.84*3.005*0.04",{"v":0.884672,"d":"0.885"}]
[187,"9.5mGGS-87","9.5m钢格栅-87","G403/40/100",null,4,{"$nulls":5},{"v":169.857625,"d":"169.86"},{"v":679.4305,"d":"679.43"},"1750",3005,40,"1.75*3.005*0.04",{"v":0.8414,"d":"0.841"}]
[188,"9.5mGGS-88","9.5m钢格栅-88","G403/40/100",null,4,{"$nulls":5},{"v":135.8861,"d":"135.89"},{"v":543.5444,"d":"543.54"},"1400",3005,40,"1.4*3.005*0.04",{"v":0.67312,"d":"0.673"}]
[189,"9.5mGGS-89","9.5m钢格栅-89","G403/40/100",null,4,{"$nulls":5},{"v":118.144356,"d":"118.14"},{"v":472.577424,"d":"472.58"},"1630",2244,40,"1.63*2.244*0.04",{"v":0.5852352,"d":"0.585"}]
[190,"9.5mGGS-90","9.5m钢格栅-90","G403/40/100",null,2,{"$nulls":5},{"v":166.3773,"d":"166.38"},{"v":332.7546,"d":"332.75"},3030,1700,40,"3.03*1.7*0.04",{"v":0.41208,"d":"0.412"}]
[191,"9.5mGGS-91","9.5m钢格栅-91","G403/40/100",null,4,{"$nulls":5},{"v":134.08053,"d":"134.08"},{"v":536.32212,"d":"536.32"},3030,1370,40,"3.03*1.37*0.04",{"v":0.664176,"d":"0.664"}]
[192,"9.5mGGS-92","9.5m钢格栅-92","G403/40/100",null,8,{"$nulls":5},{"v":79.6518,"d":"79.65"},{"v":637.2144,"d":"637.21"},1800,1370,40,"1.8*1.37*0.04",{"v":0.78912,"d":"0.789"}]
[193,"9.5mGGS-93","9.5m钢格栅-93","G403/40/100",null,8,{"$nulls":5},{"v":81.86435,"d":"81.86"},{"v":654.9148,"d":"654.91"},1850,1370,40,"1.85*1.37*0.04",{"v":0.81104,"d":"0.811"}]
[194,"9.5mGGS-94","9.5m钢格栅-94","G403/40/100",null,2,{"$nulls":5},{"v":134.5295,"d":"134.53"},{"v":269.059,"d":"269.06"},2450,1700,40,"2.45*1.7*0.04",{"v":0.3332,"d":"0.333"}]
[195,"9.5mGGS-95","9.5m钢格栅-95","G403/40/100",null,4,{"$nulls":5},{"v":108.41495,"d":"108.41"},{"v":433.6598,"d":"433.66"},2450,1370,40,"2.45*1.37*0.04",{"v":0.53704,"d":"0.537"}]
[196,"9.5mGGS-96","9.5m钢格栅-96","G403/40/100",null,1,{"$nulls":5},142.12,142.12,2500,1760,40,"2.5*1.76*0.04",0.176]
[197,"9.5mGGS-97","9.5m钢格栅-97","G403/40/100",null,2,{"$nulls":5},{"v":108.60875,"d":"108.61"},{"v":217.2175,"d":"217.22"},2500,1345,40,"2.5*1.345*0.04",0.269]
[198,"9.5mGGS-98","9.5m钢格栅-98","G403/40/100",null,1,{"$nulls":5},{"v":113.696,"d":"113.70"},{"v":113.696,"d":"113.70"},2000,1760,40,"2*1.76*0.04",{"v":0.1408,"d":"0.141"}]
[199,"9.5mGGS-99","9.5m钢格栅-99","G403/40/100",null,2,{"$nulls":5},{"v":86.887,"d":"86.89"},{"v":173.774,"d":"173.77"},2000,"1345",40,"2*1.345*0.04",{"v":0.2152,"d":"0.215"}]
[200,"9.5mGGS-100","9.5m钢格栅-100","G403/40/100",null,1,{"$nulls":5},{"v":88.1144,"d":"88.11"},{"v":88.1144,"d":"88.11"},1550,1760,40,"1.55*1.76*0.04",{"v":0.10912,"d":"0.109"}]
[201,"9.5mGGS-101","9.5m钢格栅-101","G403/40/100",null,2,{"$nulls":5},{"v":67.337425,"d":"67.34"},{"v":134.67485,"d":"134.67"},1550,"1345",40,"1.55*1.345*0.04",{"v":0.16678,"d":"0.167"}]
[202,"9.5mGGS-102","9.5m钢格栅-102","G403/40/100",null,1,{"$nulls":5},{"v":134.44552,"d":"134.45"},{"v":134.44552,"d":"134.45"},2365,1760,40,"2.365*1.76*0.04",{"v":0.166496,"d":"0.166"}]
[203,"9.5mGGS-103","9.5m钢格栅-103","G403/40/100",null,2,{"$nulls":5},{"v":102.7438775,"d":"102.74"},{"v":205.487755,"d":"205.49"},2365,1345,40,"2.365*1.345*0.04",{"v":0.254474,"d":"0.254"}]
[204,"9.5mGGS-104","9.5m钢格栅-104","G403/40/100",null,1,{"$nulls":5},{"v":192.185,"d":"192.19"},{"v":192.185,"d":"192.19"},3400,1750,40,"3.4*1.75*0.04",0.238]
[205,"9.5mGGS-105","9.5m钢格栅-105","G403/40/100",null,1,{"$nulls":5},{"v":172.6758,"d":"172.68"},{"v":172.6758,"d":"172.68"},"1650",3240,40,"1.65*3.24*0.04",{"v":0.21384,"d":"0.214"}]
[206,"9.5mGGS-106","9.5m钢格栅-106","G403/40/100",null,1,{"$nulls":5},{"v":83.1725,"d":"83.17"},{"v":83.1725,"d":"83.17"},2060,1250,40,"2.06*1.25*0.04",0.103]
[207,"9.5mGGS-107","9.5m钢格栅-107","G403/40/100",null,1,{"$nulls":5},{"v":86.0795,"d":"86.08"},{"v":86.0795,"d":"86.08"},2132,1250,40,"2.132*1.25*0.04",{"v":0.1066,"d":"0.107"}]
[208,"9.5mGGS-108","9.5m钢格栅-108","G403/40/100",null,1,{"$nulls":5},{"v":139.61675,"d":"139.62"},{"v":139.61675,"d":"139.62"},3458,1250,40,"3.458*1.25*0.04",{"v":0.1729,"d":"0.173"}]
[209,"9.5mGGS-109","9.5m钢格栅-109","G403/40/100",null,1,{"$nulls":5},{"v":146.33515,"d":"146.34"},{"v":146.33515,"d":"146.34"},2132,2125,40,"2.132*2.125*0.04",{"v":0.18122,"d":"0.181"}]
[210,"9.5mGGS-110","9.5m钢格栅-110","G403/40/100",null,1,{"$nulls":5},{"v":237.348475,"d":"237.35"},{"v":237.348475,"d":"237.35"},3458,2125,40,"3.458*2.125*0.04",{"v":0.29393,"d":"0.294"}]
[211,"9.5mGGS-111","9.5m钢格栅-111","G403/40/100",null,1,{"$nulls":5},{"v":80.36886,"d":"80.37"},{"v":80.36886,"d":"80.37"},1914,1300,40,"1.914*1.3*0.04",{"v":0.099528,"d":"0.100"}]
[212,"9.5mGGS-112","9.5m钢格栅-112","G403/40/100",null,1,{"$nulls":5},{"v":95.65322,"d":"95.65"},{"v":95.65322,"d":"95.65"},2278,1300,40,"2.278*1.3*0.04",{"v":0.118456,"d":"0.118"}]
[213,"9.5mGGS-113","9.5m钢格栅-113","G403/40/100",null,1,{"$nulls":5},{"v":145.20142,"d":"145.20"},{"v":145.20142,"d":"145.20"},3458,1300,40,"3.458*1.3*0.04",{"v":0.179816,"d":"0.180"}]
[214,"9.5mGGS-114","9.5m钢格栅-114","G403/40/100",null,1,{"$nulls":5},{"v":131.784,"d":"131.78"},{"v":131.784,"d":"131.78"},2400,1700,40,"2.4*1.7*0.04",{"$f":"N216*O216*P216*F216/1000000000","v":{"v":0.1632,"d":"0.163"}}]
[215,"9.5mGGS-115","9.5m钢格栅-115","G403/40/100",null,2,{"$nulls":5},{"v":104.2644,"d":"104.26"},{"v":208.5288,"d":"208.53"},2400,1345,40,"2.4*1.345*0.04",{"v":0.25824,"d":"0.258"}]
[216,"12.2mGGS-1","12.2m钢格栅-1","G403/40/100",null,8,{"$nulls":5},{"v":84.9813,"d":"84.98"},{"v":679.8504,"d":"679.85"},1754,"1500",40,"1.754*1.5*0.04",{"v":0.84192,"d":"0.842"}]
[217,"12.2mGGS-2","12.2m钢格栅-2","G403/40/100",null,12,{"$nulls":5},{"v":90.3108,"d":"90.31"},{"v":1083.7296,"d":"1083.73"},1864,"1500",40,"1.864*1.5*0.04",{"v":1.34208,"d":"1.342"}]
[218,"12.2mGGS-3","12.2m钢格栅-3","G403/40/100",null,12,{"$nulls":5},{"v":108.7218,"d":"108.72"},{"v":1304.6616,"d":"1304.66"},2200,"1530",40,"2.2*1.53*0.04",{"v":1.61568,"d":"1.616"}]
[219,"12.2mGGS-4","12.2m钢格栅-4","G403/40/100",null,4,{"$nulls":5},{"v":187.7922,"d":"187.79"},{"$f":"L221*F221","v":{"v":751.1688,"d":"751.17"}},3800,"1530",40,"3.8*1.53*0.04",{"v":0.93024,"d":"0.930"}]
[220,"12.2mGGS-5","12.2m钢格栅-5","G403/40/100",null,4,{"$nulls":5},{"v":113.0475775,"d":"113.05"},{"v":452.19031,"d":"452.19"},"2225",1573,40,"2.225*1.573*0.04",{"v":0.559988,"d":"0.560"}]
[221,"12.2mGGS-6","12.2m钢格栅-6","G403/40/100",null,2,{"$nulls":5},{"v":93.9284,"d":"93.93"},{"v":187.8568,"d":"187.86"},1454,"2000",40,"1.454*2*0.04",{"v":0.23264,"d":"0.233"}]
[222,"12.2mGGS-7","12.2m钢格栅-7","G403/40/100",null,8,{"$nulls":5},{"v":70.4463,"d":"70.45"},{"v":563.5704,"d":"563.57"},1454,"1500",40,"1.454*1.5*0.04",{"v":0.69792,"d":"0.698"}]
[223,"12.2mGGS-8","12.2m钢格栅-8","G403/40/100",null,4,{"$nulls":5},{"v":75.7758,"d":"75.78"},{"v":303.1032,"d":"303.10"},1564,"1500",40,"1.564*1.5*0.04",{"v":0.37536,"d":"0.375"}]
[224,"12.2mGGS-9","12.2m钢格栅-9","G403/40/100",null,4,{"$nulls":5},{"v":66.870044,"d":"66.87"},{"v":267.480176,"d":"267.48"},730,2836,40,"0.73*2.836*0.04",{"v":0.3312448,"d":"0.331"}]
[225,"12.2mGGS-10","12.2m钢格栅-10","G403/40/100",null,4,{"$nulls":5},{"v":29.47375,"d":"29.47"},{"v":117.895,"d":"117.90"},730,1250,40,"0.73*1.25*0.04",0.146]
[226,"12.2mGGS-11","12.2m钢格栅-11","G403/40/100",null,8,{"$nulls":5},{"v":82.365,"d":"82.37"},658.92,1700,"1500",40,"1.7*1.5*0.04",0.816]
[227,"12.2mGGS-12","12.2m钢格栅-12","G403/40/100",null,8,{"$nulls":5},{"v":100.0008,"d":"100.00"},{"v":800.0064,"d":"800.01"},2064,"1500",40,"2.064*1.5*0.04",{"v":0.99072,"d":"0.991"}]
[228,"12.2mGGS-13","12.2m钢格栅-13","G403/40/100",null,4,{"$nulls":5},{"v":118.43764,"d":"118.44"},{"v":473.75056,"d":"473.75"},"2225",1648,40,"2.225*1.648*0.04",{"v":0.586688,"d":"0.587"}]
[229,"12.2mGGS-14","12.2m钢格栅-14","G403/40/100",null,2,{"$nulls":5},{"v":113.3084,"d":"113.31"},{"v":226.6168,"d":"226.62"},1754,2000,40,"1.754*2*0.04",{"v":0.28064,"d":"0.281"}]
[230,"12.54mGGS-1","12.54m钢格栅-1","G403/40/100",null,6,{"$nulls":5},{"v":63.308,"d":"63.31"},{"v":379.848,"d":"379.85"},1750,1120,40,"1.75*1.12*0.04",{"v":0.4704,"d":"0.470"}]
[231,"14.5mGGS-1","14.5m钢格栅-1","G403/40/100",null,12,{"$nulls":5},{"v":118.7025,"d":"118.70"},1424.43,2450,"1500",40,"2.45*1.5*0.04",1.764]
[232,"14.5mGGS-2","14.5m钢格栅-2","G403/40/100",null,11,{"$nulls":5},{"v":82.365,"d":"82.37"},{"v":906.015,"d":"906.02"},1700,"1500",40,"1.7*1.5*0.04",1.122]
[233,"14.5mGGS-3","14.5m钢格栅-3","G403/40/100",null,1,{"$nulls":5},{"v":57.6555,"d":"57.66"},{"v":57.6555,"d":"57.66"},1050,1700,40,"1.05*1.7*0.04",{"v":0.0714,"d":"0.071"}]
[234,"14.5mGGS-4","14.5m钢格栅-4","G403/40/100",null,1,{"$nulls":5},109.82,109.82,"2000",1700,40,"2*1.7*0.04",0.136]
[235,"14.5mGGS-5","14.5m钢格栅-5","G403/40/100",null,1,{"$nulls":5},{"v":52.818575,"d":"52.82"},{"v":52.818575,"d":"52.82"},1055,1550,40,"1.055*1.55*0.04",{"v":0.06541,"d":"0.065"}]
[236,"14.5mGGS-6","14.5m钢格栅-6","G403/40/100",null,1,{"$nulls":5},{"v":52.56825,"d":"52.57"},{"v":52.56825,"d":"52.57"},"1050",1550,40,"1.05*1.55*0.04",{"v":0.0651,"d":"0.065"}]
[237,"14.5mGGS-7","14.5m钢格栅-7","G403/40/100",null,11,{"$nulls":5},{"v":75.0975,"d":"75.10"},{"v":826.0725,"d":"826.07"},1550,"1500",40,"1.55*1.5*0.04",1.023]
[238,"14.5mGGS-8","14.5m钢格栅-8","G403/40/100",null,1,{"$nulls":5},100.13,100.13,"2000",1550,40,"2*1.55*0.04",0.124]
[239,"14.5mGGS-9","14.5m钢格栅-9","G403/40/100",null,1,{"$nulls":5},{"v":54.5224,"d":"54.52"},{"v":54.5224,"d":"54.52"},1055,1600,40,"1.055*1.6*0.04",{"v":0.06752,"d":"0.068"}]
[240,"14.5mGGS-10","14.5m钢格栅-10","G403/40/100",null,1,{"$nulls":5},{"v":54.264,"d":"54.26"},{"v":54.264,"d":"54.26"},"1050",1600,40,"1.05*1.6*0.04",{"v":0.0672,"d":"0.067"}]
[241,"14.5mGGS-11","14.5m钢格栅-11","G403/40/100",null,12,{"$nulls":5},77.52,930.24,1600,"1500",40,"1.6*1.5*0.04",1.152]
[242,"14.5mGGS-12","14.5m钢格栅-12","G403/40/100",null,1,{"$nulls":5},103.36,103.36,"2000",1600,40,"2*1.6*0.04",0.128]
[243,"14.5mGGS-13","14.5m钢格栅-13","G403/40/100",null,2,{"$nulls":5},{"v":51.11475,"d":"51.11"},{"v":102.2295,"d":"102.23"},1055,1500,40,"1.055*1.5*0.04",{"v":0.1266,"d":"0.127"}]
[244,"14.5mGGS-14","14.5m钢格栅-14","G403/40/100",null,2,{"$nulls":5},{"v":50.8725,"d":"50.87"},{"v":101.745,"d":"101.75"},"1050",1500,40,"1.05*1.5*0.04",0.126]
[245,"14.5mGGS-15","14.5m钢格栅-15","G403/40/100",null,18,{"$nulls":5},{"v":72.675,"d":"72.68"},1308.15,1500,"1500",40,"1.5*1.5*0.04",{"v":1.62,"d":"1.620"}]
[246,"14.5mGGS-16","14.5m钢格栅-16","G403/40/100",null,2,{"$nulls":5},{"v":96.9,"d":"96.90"},{"v":193.8,"d":"193.80"},"2000",1500,40,"2*1.5*0.04",{"v":0.24,"d":"0.240"}]
[247,"14.5mGGS-17","14.5m钢格栅-17","G403/40/100",null,5,{"$nulls":5},116.28,{"v":581.4,"d":"581.40"},"2250",1600,40,"2.25*1.6*0.04",{"v":0.72,"d":"0.720"}]
[248,"14.5mGGS-18","14.5m钢格栅-18","G403/40/100",null,1,{"$nulls":5},{"v":111.19275,"d":"111.19"},{"v":111.19275,"d":"111.19"},"2250",1530,40,"2.25*1.53*0.04",{"v":0.1377,"d":"0.138"}]
[249,"14.5mGGS-19","14.5m钢格栅-19","G403/40/100",null,2,{"$nulls":5},{"v":114.8265,"d":"114.83"},{"v":229.653,"d":"229.65"},"2250",1580,40,"2.25*1.58*0.04",{"v":0.2844,"d":"0.284"}]
[250,"14.5mGGS-20","14.5m钢格栅-20","G403/40/100",null,4,{"$nulls":5},{"v":119.91375,"d":"119.91"},{"v":479.655,"d":"479.66"},"2250",1650,40,"2.25*1.65*0.04",0.594]
[251,"14.5mGGS-21","14.5m钢格栅-21","G403/40/100",null,2,{"$nulls":5},{"v":116.8614,"d":"116.86"},{"v":233.7228,"d":"233.72"},2700,"1340",40,"2.7*1.34*0.04",{"v":0.28944,"d":"0.289"}]
[252,"14.5mGGS-22","14.5m钢格栅-22","G403/40/100",null,2,{"$nulls":5},{"v":148.257,"d":"148.26"},{"v":296.514,"d":"296.51"},2700,"1700",40,"2.7*1.7*0.04",{"v":0.3672,"d":"0.367"}]
[253,"14.5mGGS-23","14.5m钢格栅-23","G403/40/100",null,2,{"$nulls":5},{"v":152.6175,"d":"152.62"},{"v":305.235,"d":"305.24"},2700,"1750",40,"2.7*1.75*0.04",0.378]
[254,"14.5mGGS-24","14.5m钢格栅-24","G403/40/100",null,1,{"$nulls":5},{"v":108.28575,"d":"108.29"},{"v":108.28575,"d":"108.29"},"2250",1490,40,"2.25*1.49*0.04",{"v":0.1341,"d":"0.134"}]
[255,"14.5mGGS-25","14.5m钢格栅-25","G403/40/100",null,1,{"$nulls":5},{"v":122.82075,"d":"122.82"},{"v":122.82075,"d":"122.82"},"2250",1690,40,"2.25*1.69*0.04",{"v":0.1521,"d":"0.152"}]
[256,"14.5mGGS-26","14.5m钢格栅-26","G403/40/100",null,1,{"$nulls":5},{"v":228.4902,"d":"228.49"},{"v":228.4902,"d":"228.49"},2620,2700,40,"2.62*2.7*0.04",{"v":0.28296,"d":"0.283"}]
[257,"14.5mGGS-27","14.5m钢格栅-27","G403/40/100",null,12,{"$nulls":5},{"v":107.0745,"d":"107.07"},{"v":1284.894,"d":"1284.89"},1950,"1700",40,"1.95*1.7*0.04",{"v":1.5912,"d":"1.591"}]
[258,"14.5mGGS-28","14.5m钢格栅-28","G403/40/100",null,6,{"$nulls":5},{"v":104.329,"d":"104.33"},{"v":625.974,"d":"625.97"},1900,"1700",40,"1.9*1.7*0.04",{"v":0.7752,"d":"0.775"}]
[259,"14.5mGGS-29","14.5m钢格栅-29","G403/40/100",null,3,{"$nulls":5},125.97,377.91,2000,1950,40,"2*1.95*0.04",0.468]
[260,"14.5mGGS-30","14.5m钢格栅-30","G403/40/100",null,1,{"$nulls":5},122.74,122.74,2000,1900,40,"2*1.9*0.04",0.152]
[261,"14.5mGGS-31","14.5m钢格栅-31","G403/40/100",null,1,{"$nulls":5},{"v":57.93005,"d":"57.93"},{"v":57.93005,"d":"57.93"},1055,1700,40,"1.055*1.7*0.04",{"v":0.07174,"d":"0.072"}]
[262,"14.5mGGS-32","14.5m钢格栅-32","G403/40/100",null,1,{"$nulls":5},{"v":46.003275,"d":"46.00"},{"v":46.003275,"d":"46.00"},1055,1350,40,"1.055*1.35*0.04",{"v":0.05697,"d":"0.057"}]
[263,"14.5mGGS-33","14.5m钢格栅-33","G403/40/100",null,1,{"$nulls":5},{"v":45.78525,"d":"45.79"},{"v":45.78525,"d":"45.79"},"1050",1350,40,"1.05*1.35*0.04",{"v":0.0567,"d":"0.057"}]
[264,"14.5mGGS-34","14.5m钢格栅-34","G403/40/100",null,15,{"$nulls":5},{"v":65.4075,"d":"65.41"},{"v":981.1125,"d":"981.11"},"1350",1500,40,"1.35*1.5*0.04",1.215]
[265,"14.5mGGS-35","14.5m钢格栅-35","G403/40/100",null,1,{"$nulls":5},87.21,87.21,2000,1350,40,"2*1.35*0.04",0.108]
[266,"14.5mGGS-36","14.5m钢格栅-36","G403/40/100",null,1,{"$nulls":5},{"v":66.449175,"d":"66.45"},{"v":66.449175,"d":"66.45"},"1055",1950,40,"1.055*1.95*0.04",{"v":0.08229,"d":"0.082"}]
[267,"14.5mGGS-37","14.5m钢格栅-37","G403/40/100",null,9,{"$nulls":5},{"v":94.4775,"d":"94.48"},{"v":850.2975,"d":"850.30"},1950,"1500",40,"1.95*1.5*0.04",1.053]
[268,"14.5mGGS-38","14.5m钢格栅-38","G403/40/100",null,1,{"$nulls":5},{"v":66.13425,"d":"66.13"},{"v":66.13425,"d":"66.13"},"1050",1950,40,"1.05*1.95*0.04",{"v":0.0819,"d":"0.082"}]
[269,"14.5mGGS-39","14.5m钢格栅-39","G403/40/100",null,1,{"$nulls":5},35.53,35.53,1000,"1100",40,"1*1.1*0.04",0.044]
[270,"14.5mGGS-40","14.5m钢格栅-40","G403/40/100",null,1,{"$nulls":5},{"v":130.57275,"d":"130.57"},{"v":130.57275,"d":"130.57"},2450,"1650",40,"2.45*1.65*0.04",{"v":0.1617,"d":"0.162"}]
[271,"14.5mGGS-41","14.5m钢格栅-41","G403/40/100",null,1,{"$nulls":5},{"v":97.62675,"d":"97.63"},{"v":97.62675,"d":"97.63"},1950,"1550",40,"1.95*1.55*0.04",{"v":0.1209,"d":"0.121"}]
[272,"14.5mGGS-42","14.5m钢格栅-42","G403/40/100",null,1,{"$nulls":5},{"v":100.776,"d":"100.78"},{"v":100.776,"d":"100.78"},1950,"1600",40,"1.95*1.6*0.04",{"v":0.1248,"d":"0.125"}]
[273,"14.5mGGS-43","14.5m钢格栅-43","G403/40/100",null,3,{"$nulls":5},{"v":85.02975,"d":"85.03"},{"v":255.08925,"d":"255.09"},1950,"1350",40,"1.95*1.35*0.04",{"v":0.3159,"d":"0.316"}]
[274,"14.5mGGS-44","14.5m钢格栅-44","G403/40/100",null,1,{"$nulls":5},{"v":81.8805,"d":"81.88"},{"v":81.8805,"d":"81.88"},1950,"1300",40,"1.95*1.3*0.04",{"v":0.1014,"d":"0.101"}]
[275,"14.5mGGS-45","14.5m钢格栅-45","G403/40/100",null,1,{"$nulls":5},{"v":88.179,"d":"88.18"},{"v":88.179,"d":"88.18"},1950,"1400",40,"1.95*1.4*0.04",{"v":0.1092,"d":"0.109"}]
[276,"14.5mGGS-46","14.5m钢格栅-46","G403/40/100",null,9,{"$nulls":5},{"v":74.1285,"d":"74.13"},{"v":667.1565,"d":"667.16"},1700,"1350",40,"1.7*1.35*0.04",{"v":0.8262,"d":"0.826"}]
[277,"14.5mGGS-47","14.5m钢格栅-47","G403/40/100",null,3,{"$nulls":5},{"v":71.383,"d":"71.38"},{"v":214.149,"d":"214.15"},1700,"1300",40,"1.7*1.3*0.04",{"v":0.2652,"d":"0.265"}]
[278,"14.5mGGS-48","14.5m钢格栅-48","G403/40/100",null,3,{"$nulls":5},{"v":76.874,"d":"76.87"},{"v":230.622,"d":"230.62"},1700,"1400",40,"1.7*1.4*0.04",{"$f":"N280*O280*P280*F280/1000000000","v":{"v":0.2856,"d":"0.286"}}]
[279,"14.5mGGS-49","14.5m钢格栅-49","G403/40/100",null,3,{"$nulls":5},{"v":85.1105,"d":"85.11"},{"v":255.3315,"d":"255.33"},1700,"1550",40,"1.7*1.55*0.04",{"v":0.3162,"d":"0.316"}]
[280,"14.5mGGS-50","14.5m钢格栅-50","G403/40/100",null,3,{"$nulls":5},{"v":87.856,"d":"87.86"},{"v":263.568,"d":"263.57"},1700,"1600",40,"1.7*1.6*0.04",{"v":0.3264,"d":"0.326"}]
[281,"14.5mGGS-51-1","14.5m钢格栅-51-1","G403/40/100",null,2,{"$nulls":5},{"v":80.104,"d":"80.10"},{"v":160.208,"d":"160.21"},1600,"1550",40,"1.6*1.55*0.04",{"v":0.1984,"d":"0.198"}]
[282,"14.5mGGS-51-2","14.5m钢格栅-51-2","G403/40/100",null,1,{"$nulls":5},{"v":80.104,"d":"80.10"},{"v":80.104,"d":"80.10"},1550,1600,40,"1.55*1.6*0.04",{"v":0.0992,"d":"0.099"}]
[283,"14.5mGGS-52","14.5m钢格栅-52","G403/40/100",null,2,{"$nulls":5},{"v":82.688,"d":"82.69"},{"$f":"L285*F285","v":{"v":165.376,"d":"165.38"}},1600,"1600",40,"1.6*1.6*0.04",{"v":0.2048,"d":"0.205"}]
[284,"14.5mGGS-53","14.5m钢格栅-53","G403/40/100",null,7,{"$nulls":5},{"v":69.768,"d":"69.77"},{"v":488.376,"d":"488.38"},1600,"1350",40,"1.6*1.35*0.04",{"v":0.6048,"d":"0.605"}]
[285,"14.5mGGS-54","14.5m钢格栅-54","G403/40/100",null,2,{"$nulls":5},{"v":67.184,"d":"67.18"},{"v":134.368,"d":"134.37"},1600,"1300",40,"1.6*1.3*0.04",{"v":0.1664,"d":"0.166"}]
[286,"14.5mGGS-55","14.5m钢格栅-55","G403/40/100",null,2,{"$nulls":5},{"v":72.352,"d":"72.35"},{"v":144.704,"d":"144.70"},1600,"1400",40,"1.6*1.4*0.04",{"v":0.1792,"d":"0.179"}]
[287,"14.5mGGS-56","14.5m钢格栅-56","G403/40/100",null,1,{"$nulls":5},{"v":169.575,"d":"169.58"},{"v":169.575,"d":"169.58"},3500,"1500",40,"3.5*1.5*0.04",{"v":0.21,"d":"0.210"}]
[288,"14.5mGGS-57","14.5m钢格栅-57","G403/40/100",null,1,{"$nulls":5},{"v":175.2275,"d":"175.23"},{"v":175.2275,"d":"175.23"},3500,"1550",40,"3.5*1.55*0.04",0.217]
[289,"14.5mGGS-58","14.5m钢格栅-58","G403/40/100",null,1,{"$nulls":5},180.88,180.88,3500,"1600",40,"3.5*1.6*0.04",0.224]
[290,"14.5mGGS-59","14.5m钢格栅-59","G403/40/100",null,3,{"$nulls":5},{"v":152.6175,"d":"152.62"},{"v":457.8525,"d":"457.85"},3500,"1350",40,"3.5*1.35*0.04",0.567]
[291,"14.5mGGS-60","14.5m钢格栅-60","G403/40/100",null,1,{"$nulls":5},{"v":146.965,"d":"146.97"},{"v":146.965,"d":"146.97"},3500,"1300",40,"3.5*1.3*0.04",0.182]
[292,"14.5mGGS-61","14.5m钢格栅-61","G403/40/100",null,1,{"$nulls":5},158.27,158.27,3500,"1400",40,"3.5*1.4*0.04",0.196]
[293,"14.5mGGS-62","14.5m钢格栅-62","G403/40/100",null,1,{"$nulls":5},{"v":109.0125,"d":"109.01"},{"v":109.0125,"d":"109.01"},"2250",1500,40,"2.25*1.5*0.04",0.135]
[294,"14.5mGGS-63","14.5m钢格栅-63","G403/40/100",null,2,{"$nulls":5},{"v":112.64625,"d":"112.65"},{"v":225.2925,"d":"225.29"},"2250",1550,40,"2.25*1.55*0.04",0.279]
[295,"14.5mGGS-64","14.5m钢格栅-64","G403/40/100",null,1,{"$nulls":5},{"v":105.37875,"d":"105.38"},{"v":105.37875,"d":"105.38"},"2250",1450,40,"2.25*1.45*0.04",{"v":0.1305,"d":"0.131"}]
[296,"14.5mGGS-65-1","14.5m钢格栅-65-1","G403/40/100",null,3,{"$nulls":5},{"v":67.58775,"d":"67.59"},{"v":202.76325,"d":"202.76"},1550,"1350",40,"1.55*1.35*0.04",{"v":0.2511,"d":"0.251"}]
[297,"14.5mGGS-65-2","14.5m钢格栅-65-2","G403/40/100",null,1,{"$nulls":5},{"v":67.58775,"d":"67.59"},{"v":67.58775,"d":"67.59"},1350,1550,40,"1.35*1.55*0.04",{"v":0.0837,"d":"0.084"}]
[298,"14.5mGGS-66","14.5m钢格栅-66","G403/40/100",null,3,{"$nulls":5},{"v":58.86675,"d":"58.87"},{"v":176.60025,"d":"176.60"},1350,"1350",40,"1.35*1.35*0.04",{"v":0.2187,"d":"0.219"}]
[299,"14.5mGGS-67","14.5m钢格栅-67","G403/40/100",null,1,{"$nulls":5},{"v":56.6865,"d":"56.69"},{"v":56.6865,"d":"56.69"},1350,"1300",40,"1.35*1.3*0.04",{"v":0.0702,"d":"0.070"}]
[300,"14.5mGGS-68","14.5m钢格栅-68","G403/40/100",null,1,{"$nulls":5},{"v":61.047,"d":"61.05"},{"v":61.047,"d":"61.05"},1350,"1400",40,"1.35*1.4*0.04",{"v":0.0756,"d":"0.076"}]
[301,"14.5mGGS-69","14.5m钢格栅-69","G403/40/100",null,2,{"$nulls":5},{"v":62.985,"d":"62.99"},125.97,1500,"1300",40,"1.5*1.3*0.04",0.156]
[302,"14.5mGGS-70","14.5m钢格栅-70","G403/40/100",null,2,{"$nulls":5},67.83,135.66,1500,"1400",40,"1.5*1.4*0.04",0.168]
[303,"14.5mGGS-71","14.5m钢格栅-71","G403/40/100",null,1,{"$nulls":5},{"v":77.60075,"d":"77.60"},{"v":77.60075,"d":"77.60"},1550,"1550",40,"1.55*1.55*0.04",{"v":0.0961,"d":"0.096"}]
[304,"14.5mGGS-72","14.5m钢格栅-72","G403/40/100",null,1,{"$nulls":5},{"v":65.0845,"d":"65.08"},{"v":65.0845,"d":"65.08"},1550,"1300",40,"1.55*1.3*0.04",{"v":0.0806,"d":"0.081"}]
[305,"14.5mGGS-73","14.5m钢格栅-73","G403/40/100",null,1,{"$nulls":5},{"v":70.091,"d":"70.09"},{"v":70.091,"d":"70.09"},1550,"1400",40,"1.55*1.4*0.04",{"v":0.0868,"d":"0.087"}]
[306,"18mGGS-1","18m钢格栅-1","G403/40/100",null,16,{"$nulls":5},{"v":58.6245,"d":"58.62"},{"v":937.992,"d":"937.99"},1650,"1100",40,"1.65*1.1*0.04",{"v":1.1616,"d":"1.162"}]
[307,"18mGGS-2","18m钢格栅-2","G403/40/100",null,27,{"$nulls":5},{"v":56.848,"d":"56.85"},{"v":1534.896,"d":"1534.90"},1600,"1100",40,"1.6*1.1*0.04",{"v":1.9008,"d":"1.901"}]
[308,"18mGGS-3","18m钢格栅-3","G403/40/100",null,58,{"$nulls":5},{"v":65.7305,"d":"65.73"},{"v":3812.369,"d":"3812.37"},1850,"1100",40,"1.85*1.1*0.04",{"v":4.7212,"d":"4.721"}]
[309,"18mGGS-4","18m钢格栅-4","G403/40/100",null,23,{"$nulls":5},{"v":63.954,"d":"63.95"},{"v":1470.942,"d":"1470.94"},1800,"1100",40,"1.8*1.1*0.04",{"v":1.8216,"d":"1.822"}]
[310,"18mGGS-5","18m钢格栅-5","G403/40/100",null,4,{"$nulls":5},{"v":47.6102,"d":"47.61"},{"v":190.4408,"d":"190.44"},1340,"1100",40,"1.34*1.1*0.04",{"v":0.23584,"d":"0.236"}]
[311,"18mGGS-6","18m钢格栅-6","G403/40/100",null,6,{"$nulls":5},{"v":90.6015,"d":"90.60"},{"v":543.609,"d":"543.61"},1700,"1650",40,"1.7*1.65*0.04",{"v":0.6732,"d":"0.673"}]
[312,"18mGGS-7","18m钢格栅-7","G403/40/100",null,15,{"$nulls":5},{"v":60.401,"d":"60.40"},{"v":906.015,"d":"906.02"},1700,"1100",40,"1.7*1.1*0.04",1.122]
[313,"18mGGS-8","18m钢格栅-8","G403/40/100",null,4,{"$nulls":5},{"v":85.272,"d":"85.27"},{"v":341.088,"d":"341.09"},1600,"1650",40,"1.6*1.65*0.04",{"v":0.4224,"d":"0.422"}]
[314,"18mGGS-9","18m钢格栅-9","G403/40/100",null,6,{"$nulls":5},{"v":56.45717,"d":"56.46"},{"v":338.74302,"d":"338.74"},1589,"1100",40,"1.589*1.1*0.04",{"v":0.419496,"d":"0.419"}]
[315,"18mGGS-10","18m钢格栅-10","G403/40/100",null,26,{"$nulls":5},{"v":53.295,"d":"53.30"},1385.67,1500,"1100",40,"1.5*1.1*0.04",1.716]
[316,"18mGGS-11","18m钢格栅-11","G403/40/100",null,6,{"$nulls":5},{"v":67.89783,"d":"67.90"},{"v":407.38698,"d":"407.39"},1911,"1100",40,"1.911*1.1*0.04",{"v":0.504504,"d":"0.505"}]
[317,"18mGGS-12","18m钢格栅-12","G403/40/100",null,10,{"$nulls":5},{"v":92.378,"d":"92.38"},923.78,2600,"1100",40,"2.6*1.1*0.04",1.144]
[318,"18mGGS-13","18m钢格栅-13","G403/40/100",null,6,{"$nulls":5},{"v":106.48341,"d":"106.48"},{"v":638.90046,"d":"638.90"},2997,"1100",40,"2.997*1.1*0.04",{"v":0.791208,"d":"0.791"}]
[319,"18mGGS-14","18m钢格栅-14","G403/40/100",null,2,{"$nulls":5},{"v":92.418375,"d":"92.42"},{"v":184.83675,"d":"184.84"},"1635",1750,40,"1.635*1.75*0.04",{"v":0.2289,"d":"0.229"}]
[320,"18mGGS-15","18m钢格栅-15","G403/40/100",null,2,{"$nulls":5},{"v":81.96125,"d":"81.96"},{"v":163.9225,"d":"163.92"},1750,"1450",40,"1.75*1.45*0.04",0.203]
[321,"18mGGS-16","18m钢格栅-16","G403/40/100",null,14,{"$nulls":5},{"v":62.1775,"d":"62.18"},{"v":870.485,"d":"870.49"},1750,"1100",40,"1.75*1.1*0.04",1.078]
[322,"18mGGS-17","18m钢格栅-17","G403/40/100",null,4,{"$nulls":5},{"v":93.26625,"d":"93.27"},{"v":373.065,"d":"373.07"},1750,"1650",40,"1.75*1.65*0.04",0.462]
[323,"18mGGS-18","18m钢格栅-18","G403/40/100",null,4,{"$nulls":5},{"v":92.418375,"d":"92.42"},{"v":369.6735,"d":"369.67"},"1635",1750,40,"1.635*1.75*0.04",{"v":0.4578,"d":"0.458"}]
[324,"18mGGS-19","18m钢格栅-19","G403/40/100",null,4,{"$nulls":5},{"v":81.96125,"d":"81.96"},{"v":327.845,"d":"327.85"},1750,"1450",40,"1.75*1.45*0.04",0.406]
[325,"18mGGS-20","18m钢格栅-20","G403/40/100",null,29,{"$nulls":5},{"v":62.1775,"d":"62.18"},{"v":1803.1475,"d":"1803.15"},1750,"1100",40,"1.75*1.1*0.04",2.233]
[326,"18mGGS-21","18m钢格栅-21","G403/40/100",null,4,{"$nulls":5},{"v":93.26625,"d":"93.27"},{"v":373.065,"d":"373.07"},1750,"1650",40,"1.75*1.65*0.04",0.462]
[327,"18mGGS-22","18m钢格栅-22","G403/40/100",null,2,{"$nulls":5},{"v":112.2223125,"d":"112.22"},{"v":224.444625,"d":"224.44"},2125,"1635",40,"2.125*1.635*0.04",{"v":0.27795,"d":"0.278"}]
[328,"18mGGS-23","18m钢格栅-23","G403/40/100",null,2,{"$nulls":5},{"v":99.524375,"d":"99.52"},{"v":199.04875,"d":"199.05"},2125,"1450",40,"2.125*1.45*0.04",{"v":0.2465,"d":"0.247"}]
[329,"18mGGS-24","18m钢格栅-24","G403/40/100",null,12,{"$nulls":5},{"v":75.50125,"d":"75.50"},{"v":906.015,"d":"906.02"},2125,"1100",40,"2.125*1.1*0.04",1.122]
[330,"18mGGS-25","18m钢格栅-25","G403/40/100",null,6,{"$nulls":5},{"v":90.132504,"d":"90.13"},{"v":540.795024,"d":"540.80"},1812,"1540",40,"1.812*1.54*0.04",{"v":0.6697152,"d":"0.670"}]
[331,"18mGGS-26","18m钢格栅-26","G403/40/100",null,2,{"$nulls":5},{"v":143.9086125,"d":"143.91"},{"v":287.817225,"d":"287.82"},2725,"1635",40,"2.725*1.635*0.04",{"v":0.35643,"d":"0.356"}]
[332,"18mGGS-27","18m钢格栅-27","G403/40/100",null,2,{"$nulls":5},{"v":127.625375,"d":"127.63"},{"v":255.25075,"d":"255.25"},2725,"1450",40,"2.725*1.45*0.04",{"v":0.3161,"d":"0.316"}]
[333,"18mGGS-28","18m钢格栅-28","G403/40/100",null,16,{"$nulls":5},{"v":96.81925,"d":"96.82"},{"v":1549.108,"d":"1549.11"},2725,"1100",40,"2.725*1.1*0.04",{"v":1.9184,"d":"1.918"}]
[334,"18mGGS-29","18m钢格栅-29","G403/40/100",null,2,{"$nulls":5},{"v":55.835718,"d":"55.84"},{"v":111.671436,"d":"111.67"},1839,"940",40,"1.839*0.94*0.04",{"v":0.1382928,"d":"0.138"}]
[335,"18mGGS-30","18m钢格栅-30","G403/40/100",null,8,{"$nulls":5},{"v":65.33967,"d":"65.34"},{"v":522.71736,"d":"522.72"},1839,"1100",40,"1.839*1.1*0.04",{"v":0.647328,"d":"0.647"}]
[336,"18mGGS-31","18m钢格栅-31","G403/40/100",null,2,{"$nulls":5},{"v":54.6516,"d":"54.65"},{"v":109.3032,"d":"109.30"},1800,"940",40,"1.8*0.94*0.04",{"v":0.13536,"d":"0.135"}]
[337,"18mGGS-32","18m钢格栅-32","G403/40/100",null,2,{"$nulls":5},{"v":45.543,"d":"45.54"},{"v":91.086,"d":"91.09"},1500,"940",40,"1.5*0.94*0.04",{"v":0.1128,"d":"0.113"}]
[338,"18mGGS-33","18m钢格栅-33","G403/40/100",null,2,{"$nulls":5},{"v":56.1697,"d":"56.17"},{"v":112.3394,"d":"112.34"},1850,"940",40,"1.85*0.94*0.04",{"v":0.13912,"d":"0.139"}]
[339,"18mGGS-34","18m钢格栅-34","G403/40/100",null,14,{"$nulls":5},{"v":64.38036,"d":"64.38"},{"v":901.32504,"d":"901.33"},1812,"1100",40,"1.812*1.1*0.04",{"v":1.116192,"d":"1.116"}]
[340,"18mGGS-35","18m钢格栅-35","G403/40/100",null,2,{"$nulls":5},{"v":133.3465125,"d":"133.35"},{"v":266.693025,"d":"266.69"},2725,"1515",40,"2.725*1.515*0.04",{"v":0.33027,"d":"0.330"}]
[341,"18mGGS-36","18m钢格栅-36","G403/40/100",null,2,{"$nulls":5},{"v":135.54695,"d":"135.55"},{"v":271.0939,"d":"271.09"},2725,"1540",40,"2.725*1.54*0.04",{"v":0.33572,"d":"0.336"}]
[342,"18mGGS-37","18m钢格栅-37","G403/40/100",null,1,{"$nulls":5},{"v":85.635375,"d":"85.64"},{"v":85.635375,"d":"85.64"},1750,"1515",40,"1.75*1.515*0.04",{"$f":"N344*O344*P344*F344/1000000000","v":{"v":0.10605,"d":"0.106"}}]
[343,"18mGGS-38","18m钢格栅-38","G403/40/100",null,1,{"$nulls":5},{"v":87.0485,"d":"87.05"},{"v":87.0485,"d":"87.05"},1750,"1540",40,"1.75*1.54*0.04",{"v":0.1078,"d":"0.108"}]
[344,"18mGGS-39","18m钢格栅-39","G403/40/100",null,1,{"$nulls":5},{"v":103.9858125,"d":"103.99"},{"v":103.9858125,"d":"103.99"},2125,"1515",40,"2.125*1.515*0.04",{"v":0.128775,"d":"0.129"}]
[345,"18mGGS-40","18m钢格栅-40","G403/40/100",null,1,{"$nulls":5},{"v":105.70175,"d":"105.70"},{"v":105.70175,"d":"105.70"},2125,"1540",40,"2.125*1.54*0.04",{"v":0.1309,"d":"0.131"}]
[346,"18mGGS-41","18m钢格栅-41","G403/40/100",null,3,{"$nulls":5},{"v":159.885,"d":"159.89"},{"v":479.655,"d":"479.66"},3000,"1650",40,"3*1.65*0.04",0.594]
[347,"18mGGS-42","18m钢格栅-42","G403/40/100",null,3,{"$nulls":5},106.59,{"$f":"L349*F349","v":319.77},2000,"1650",40,"2*1.65*0.04",0.396]
[348,"18mGGS-43","18m钢格栅-43","G403/40/100",null,1,{"$nulls":5},{"v":186.5325,"d":"186.53"},{"v":186.5325,"d":"186.53"},3500,"1650",40,"3.5*1.65*0.04",0.231]
[349,"18mGGS-44","18m钢格栅-44","G403/40/100",null,1,{"$nulls":5},{"v":80.741925,"d":"80.74"},{"v":80.741925,"d":"80.74"},1515,1650,40,"1.515*1.65*0.04",{"v":0.09999,"d":"0.100"}]
[350,"18mGGS-45","18m钢格栅-45","G403/40/100",null,1,{"$nulls":5},{"v":65.57223,"d":"65.57"},{"v":65.57223,"d":"65.57"},1515,1340,40,"1.515*1.34*0.04",{"v":0.081204,"d":"0.081"}]
[351,"18mGGS-46","18m钢格栅-46","G403/40/100",null,1,{"$nulls":5},{"v":82.0743,"d":"82.07"},{"v":82.0743,"d":"82.07"},1650,"1540",40,"1.65*1.54*0.04",{"v":0.10164,"d":"0.102"}]
[352,"18mGGS-47","18m钢格栅-47","G403/40/100",null,1,{"$nulls":5},{"v":66.65428,"d":"66.65"},{"v":66.65428,"d":"66.65"},1340,"1540",40,"1.34*1.54*0.04",{"v":0.082544,"d":"0.083"}]
[353,"18mGGS-48","18m钢格栅-48","G403/40/100",null,2,{"$nulls":5},{"v":62.8881,"d":"62.89"},{"v":125.7762,"d":"125.78"},1770,"1100",40,"1.77*1.1*0.04",{"v":0.15576,"d":"0.156"}]
[354,"18mGGS-49","18m钢格栅-49","G403/40/100",null,6,{"$nulls":5},{"v":60.0457,"d":"60.05"},{"v":360.2742,"d":"360.27"},1690,"1100",40,"1.69*1.1*0.04",{"v":0.44616,"d":"0.446"}]
[355,"18mGGS-50","18m钢格栅-50","G403/40/100",null,6,{"$nulls":5},{"v":63.5987,"d":"63.60"},{"v":381.5922,"d":"381.59"},1790,"1100",40,"1.79*1.1*0.04",{"v":0.47256,"d":"0.473"}]
[356,"18mGGS-51","18m钢格栅-51","G403/40/100",null,1,{"$nulls":5},{"v":127.908,"d":"127.91"},{"v":127.908,"d":"127.91"},2400,"1650",40,"2.4*1.65*0.04",{"v":0.1584,"d":"0.158"}]
[357,"18mGGS-52","18m钢格栅-52","G403/40/100",null,3,{"$nulls":5},{"v":85.272,"d":"85.27"},{"v":255.816,"d":"255.82"},2400,"1100",40,"2.4*1.1*0.04",{"v":0.3168,"d":"0.317"}]
[358,"18mGGS-53","18m钢格栅-53","G403/40/100",null,1,{"$nulls":5},{"v":98.59575,"d":"98.60"},{"v":98.59575,"d":"98.60"},1850,"1650",40,"1.85*1.65*0.04",{"v":0.1221,"d":"0.122"}]
[359,"18mGGS-54","18m钢格栅-54","G403/40/100",null,2,{"$nulls":5},{"v":95.931,"d":"95.93"},{"v":191.862,"d":"191.86"},1800,"1650",40,"1.8*1.65*0.04",{"v":0.2376,"d":"0.238"}]
[360,"18mGGS-55","18m钢格栅-55","G403/40/100",null,4,{"$nulls":5},{"v":147.14265,"d":"147.14"},{"v":588.5706,"d":"588.57"},3037,"1500",40,"3.037*1.5*0.04",{"v":0.72888,"d":"0.729"}]
[361,"18mGGS-56","18m钢格栅-56","G403/40/100",null,1,{"$nulls":5},{"v":142.237895,"d":"142.24"},{"v":142.237895,"d":"142.24"},3037,"1450",40,"3.037*1.45*0.04",{"v":0.176146,"d":"0.176"}]
[362,"18mGGS-57","18m钢格栅-57","G403/40/100",null,1,{"$nulls":5},{"v":84.152805,"d":"84.15"},{"v":84.152805,"d":"84.15"},1579,"1650",40,"1.579*1.65*0.04",{"v":0.104214,"d":"0.104"}]
[363,"18mGGS-58","18m钢格栅-58","G403/40/100",null,2,{"$nulls":5},{"v":191.862,"d":"191.86"},{"v":383.724,"d":"383.72"},3600,"1650",40,"3.6*1.65*0.04",{"v":0.4752,"d":"0.475"}]
[364,"18mGGS-59","18m钢格栅-59","G403/40/100",null,1,{"$nulls":5},{"v":127.2297,"d":"127.23"},{"v":127.2297,"d":"127.23"},1515,2600,40,"1.515*2.6*0.04",{"v":0.15756,"d":"0.158"}]
[365,"18mGGS-60","18m钢格栅-60","G403/40/100",null,1,{"$nulls":5},{"v":82.699305,"d":"82.70"},{"v":82.699305,"d":"82.70"},1515,1690,40,"1.515*1.69*0.04",{"v":0.102414,"d":"0.102"}]
[366,"18mGGS-61","18m钢格栅-61","G403/40/100",null,1,{"$nulls":5},{"v":129.3292,"d":"129.33"},{"v":129.3292,"d":"129.33"},2600,"1540",40,"2.6*1.54*0.04",{"v":0.16016,"d":"0.160"}]
[367,"18mGGS-62","18m钢格栅-62","G403/40/100",null,1,{"$nulls":5},{"v":84.06398,"d":"84.06"},{"v":84.06398,"d":"84.06"},1690,"1540",40,"1.69*1.54*0.04",{"v":0.104104,"d":"0.104"}]
[368,"18mGGS-63","18m钢格栅-63","G403/40/100",null,1,{"$nulls":5},{"v":59.65487,"d":"59.65"},{"v":59.65487,"d":"59.65"},1679,"1100",40,"1.679*1.1*0.04",{"v":0.073876,"d":"0.074"}]
[369,"18mGGS-64","18m钢格栅-64","G403/40/100",null,2,{"$nulls":5},{"v":62.49727,"d":"62.50"},{"v":124.99454,"d":"124.99"},1759,"1100",40,"1.759*1.1*0.04",{"v":0.154792,"d":"0.155"}]
[370,"18mGGS-65","18m钢格栅-65","G403/40/100",null,1,{"$nulls":5},{"v":126.0063375,"d":"126.01"},{"v":126.0063375,"d":"126.01"},2575,"1515",40,"2.575*1.515*0.04",{"v":0.156045,"d":"0.156"}]
[371,"18mGGS-66","18m钢格栅-66","G403/40/100",null,1,{"$nulls":5},{"v":128.08565,"d":"128.09"},{"v":128.08565,"d":"128.09"},2575,"1540",40,"2.575*1.54*0.04",{"v":0.15862,"d":"0.159"}]
[372,"18mGGS-67","18m钢格栅-67","G403/40/100",null,1,{"$nulls":5},{"v":91.48975,"d":"91.49"},{"v":91.48975,"d":"91.49"},2575,"1100",40,"2.575*1.1*0.04",{"v":0.1133,"d":"0.113"}]
[373,"18mGGS-68","18m钢格栅-68","G403/40/100",null,3,{"$nulls":5},{"v":29.31225,"d":"29.31"},{"v":87.93675,"d":"87.94"},825,"1100",40,"0.825*1.1*0.04",{"v":0.1089,"d":"0.109"}]
[374,"18mGGS-69","18m钢格栅-69","G403/40/100",null,1,{"$nulls":5},{"v":105.621,"d":"105.62"},{"v":105.621,"d":"105.62"},1635,2000,40,"1.635*2*0.04",{"v":0.1308,"d":"0.131"}]
[375,"18mGGS-70","18m钢格栅-70","G403/40/100",null,1,{"$nulls":5},93.67,93.67,2000,1450,40,"2*1.45*0.04",0.116]
[376,"18mGGS-71","18m钢格栅-71","G403/40/100",null,7,{"$nulls":5},71.06,497.42,2000,1100,40,"2*1.1*0.04",0.616]
[377,"20.8mGGS-1","20.8m钢格栅-1","G403/40/100",null,7,{"$nulls":5},100.13,700.91,1550,2000,40,"1.55*2*0.04",0.868]
[378,"20.8mGGS-2","20.8m钢格栅-2","G403/40/100",null,16,{"$nulls":5},{"v":92.055,"d":"92.06"},1472.88,1900,"1500",40,"1.9*1.5*0.04",1.824]
[379,"20.8mGGS-3","20.8m钢格栅-3","G403/40/100",null,32,{"$nulls":5},{"v":150.195,"d":"150.20"},4806.24,3100,"1500",40,"3.1*1.5*0.04",5.952]
[380,"20.8mGGS-4","20.8m钢格栅-4","G403/40/100",null,4,{"$nulls":5},{"v":142.9275,"d":"142.93"},571.71,2950,"1500",40,"2.95*1.5*0.04",0.708]
[381,"20.8mGGS-5","20.8m钢格栅-5","G403/40/100",null,4,{"$nulls":5},{"v":147.69175,"d":"147.69"},{"v":590.767,"d":"590.77"},2950,"1550",40,"2.95*1.55*0.04",{"v":0.7316,"d":"0.732"}]
[382,"20.8mGGS-6","20.8m钢格栅-6","G403/40/100",null,4,{"$nulls":5},{"v":52.40675,"d":"52.41"},{"v":209.627,"d":"209.63"},550,2950,40,"0.55*2.95*0.04",{"v":0.2596,"d":"0.260"}]
[383,"20.8mGGS-7","20.8m钢格栅-7","G403/40/100",null,8,{"$nulls":5},{"v":157.22025,"d":"157.22"},{"v":1257.762,"d":"1257.76"},2950,"1650",40,"2.95*1.65*0.04",{"v":1.5576,"d":"1.558"}]
[384,"20.8mGGS-8","20.8m钢格栅-8","G403/40/100",null,2,{"$nulls":5},{"v":68.9282,"d":"68.93"},{"v":137.8564,"d":"137.86"},2200,"970",40,"2.2*0.97*0.04",{"v":0.17072,"d":"0.171"}]
[385,"20.8mGGS-9","20.8m钢格栅-9","G403/40/100",null,2,{"$nulls":5},106.59,213.18,2200,"1500",40,"2.2*1.5*0.04",0.264]
[386,"20.8mGGS-10","20.8m钢格栅-10","G403/40/100",null,2,{"$nulls":5},{"v":154.9108,"d":"154.91"},{"v":309.8216,"d":"309.82"},2200,"2180",40,"2.2*2.18*0.04",{"v":0.38368,"d":"0.384"}]
[387,"20.8mGGS-11","20.8m钢格栅-11","G403/40/100",null,4,{"$nulls":5},{"v":165.2145,"d":"165.21"},{"v":660.858,"d":"660.86"},3100,"1650",40,"3.1*1.65*0.04",{"v":0.8184,"d":"0.818"}]
[388,"20.8mGGS-12","20.8m钢格栅-12","G403/40/100",null,2,{"$nulls":5},{"v":101.2605,"d":"101.26"},{"v":202.521,"d":"202.52"},1900,"1650",40,"1.9*1.65*0.04",{"v":0.2508,"d":"0.251"}]
[389,"20.8mGGS-13","20.8m钢格栅-13","G403/40/100",null,2,{"$nulls":5},{"v":105.1365,"d":"105.14"},{"v":210.273,"d":"210.27"},1550,2100,40,"1.55*2.1*0.04",{"v":0.2604,"d":"0.260"}]
[390,"20.8mGGS-14","20.8m钢格栅-14","G403/40/100",null,2,{"$nulls":5},{"v":110.143,"d":"110.14"},{"v":220.286,"d":"220.29"},1550,2200,40,"1.55*2.2*0.04",{"v":0.2728,"d":"0.273"}]
[391,"20.8mGGS-15","20.8m钢格栅-15","G403/40/100",null,2,{"$nulls":5},{"v":107.63975,"d":"107.64"},{"v":215.2795,"d":"215.28"},1550,2150,40,"1.55*2.15*0.04",{"v":0.2666,"d":"0.267"}]
[392,"XXPTGGS","休息平台钢格栅","G403/40/100",null,6,{"$nulls":5},35.53,213.18,1100,1000,40,"1.1*1*0.04",0.264]
[393,"BYGGS","备用钢格栅","G403/40/100",null,10,{"$nulls":5},242.25,{"v":2422.5,"d":"2422.50"},2500,3000,40,"2.5*3*0.04",{"v":3,"d":"3.000"}]
[394,"  LTJGGS-1  ","  楼梯间钢格栅-1  ","GKB405/1",null,1,{"$nulls":5},{"v":256.45292,"d":"256.45"},{"v":256.45292,"d":"256.45"},1850,2410,40,"1.85*2.41*0.04",{"v":0.17834,"d":"0.178"}]
[395,"  LTJGGS-2  ","  楼梯间钢格栅-2  ","GKB405/1",null,1,{"$nulls":5},{"v":324.5566,"d":"324.56"},{"v":324.5566,"d":"324.56"},1850,3050,40,"1.85*3.05*0.04",{"v":0.2257,"d":"0.226"}]
[396,"  LTJGGS-3  ","  楼梯间钢格栅-3  ","GKB405/1",null,1,{"$nulls":5},{"v":329.8772,"d":"329.88"},{"v":329.8772,"d":"329.88"},1850,3100,40,"1.85*3.1*0.04",{"v":0.2294,"d":"0.229"}]
[397,"  LTJGGS-4  ","  楼梯间钢格栅-4  ","GKB405/1",null,3,{"$nulls":5},{"v":320.9616,"d":"320.96"},{"v":962.8848,"d":"962.88"},1800,3100,40,"1.8*3.1*0.04",{"v":0.6696,"d":"0.670"}]
[398,"  LTJGGS-5  ","  楼梯间钢格栅-5  ","GKB405/1",null,5,{"$nulls":5},{"v":391.331568,"d":"391.33"},{"v":1956.65784,"d":"1956.66"},2346,2900,40,"2.346*2.9*0.04",{"v":1.36068,"d":"1.361"}]
[399,"  LTJGGS-6  ","  楼梯间钢格栅-6  ","GKB405/1",null,2,{"$nulls":5},{"v":371.09028,"d":"371.09"},{"v":742.18056,"d":"742.18"},2346,2750,40,"2.346*2.75*0.04",{"v":0.51612,"d":"0.516"}]
[400,"  LTJGGS-7  ","  楼梯间钢格栅-7  ","GKB405/1",null,2,{"$nulls":5},{"v":355.905,"d":"355.91"},711.81,2250,2750,40,"2.25*2.75*0.04",0.495]
[401,"  LTJGGS-8  ","  楼梯间钢格栅-8  ","GKB405/1",null,2,{"$nulls":5},316.36,632.72,2000,2750,40,"2*2.75*0.04",{"v":0.44,"d":"0.440"}]
[402,"  LTJGGS-9  ","  楼梯间钢格栅-9  ","GKB405/1",null,5,{"$nulls":5},{"v":284.724,"d":"284.72"},1423.62,1800,2750,40,"1.8*2.75*0.04",{"v":0.99,"d":"0.990"}]
[403,"  LTJGGS-9  ","  楼梯间钢格栅-9  ","GKB405/1",null,5,{"$nulls":5},{"v":284.724,"d":"284.72"},1423.62,1800,2750,40,"1.8*2.75*0.04",{"v":0.99,"d":"0.990"}]
[404,"CD-1","车档-1","PL16*700",null,8,{"$nulls":5},117.1,{"v":936.8,"d":"936.80"},700,500,320,"0.7*0.5*0.32",0.896]
[405,"CD-2","车档-2","PL16*600",null,4,{"$nulls":5},61.1,{"v":244.4,"d":"244.40"},600,500,300,"0.6*0.5*0.3",{"v":0.36,"d":"0.360"}]
[{"$nulls":12},{"$f":"SUM(M3:M407)","v":{"v":249701.8953595,"d":"249701.90"}},{"$nulls":4},{"$f":"SUM(R3:R407)","v":{"v":215.820007188,"d":"215.82"}}]
[406,null,"落水管","φ160UPVC管","m",980,{"$nulls":5},{"$f":"M409/F409","v":{"v":3.57142857142857,"d":"3.57"}},{"v":3500,"d":"3500.00"},{"$nulls":4},{"v":28,"d":"28.0"}]
[407,null,"落水口","φ160落水口","个",30,{"$nulls":5},{"$f":"M410/F410","v":{"v":0.333333333333333,"d":"0.33"}},{"v":10,"d":"10.00"},{"$nulls":4},0.1]
[408,null,"雨篦子","φ160不锈钢雨篦子","个",30,{"$nulls":5},{"v":0.333333333333333,"d":"0.33"},{"v":10,"d":"10.00"},{"$nulls":4},{"v":0.01,"d":"0.0"}]
[409,null,"检查口","φ160检查口","个",30,{"$nulls":5},{"v":0.666666666666667,"d":"0.67"},{"v":20,"d":"20.00"},{"$nulls":4},0.1]
[410,null,"伸缩节","φ160伸缩节","个",260,{"$nulls":5},{"v":0.192307692307692,"d":"0.19"},{"v":50,"d":"50.00"},{"$nulls":4},{"v":3,"d":"3.0"}]
[411,null,"卡扣","φ160吸盘式卡扣","套",180,{"$nulls":5},{"v":0.166666666666667,"d":"0.17"},{"v":30,"d":"30.00"},{"$nulls":4},0.6]
[412,null,"卡扣","φ160卡扣（配焊钉）","套",700,{"$nulls":5},{"v":0.142857142857143,"d":"0.14"},{"v":100,"d":"100.00"},{"$nulls":4},{"v":2,"d":"2.0"}]
[413,null,"弯头","45°φ160弯头","个",208,{"$nulls":5},{"v":0.192307692307692,"d":"0.19"},{"v":40,"d":"40.00"},{"$nulls":4},{"v":1,"d":"1.0"}]
[414,null,"栓钉","M16*90，配套焊接瓷环","套",17278,{"$nulls":5},{"v":0.202569741868272,"d":"0.20"},{"v":3500,"d":"3500.00"},{"$nulls":4},{"v":2,"d":"2.0"}]
[415,null,"钢管焊弯","90°φ48焊管弯头","个",700,{"$nulls":5},0.15,{"$f":"F418*L418","v":{"v":105,"d":"105.00"}},{"$nulls":4},2.5]
[{"$nulls":12},{"v":257067,"d":"257067.000"},{"$nulls":4},{"v":255.13,"d":"255.130"}]
[]
[]
[]
[]
[]
[{"$nulls":17},{"$f":"SUM(R3:R407)","v":215.820007188}]

{"sheet":"2","index":3,"n_rows":51,"n_cols":10,"rows_kept":51,"merged":[[14,5,15,5],[14,9,15,9],[16,6,24,6],[55,5,56,5]]}
[null,null,"2包货物清单"]
["序号","英文名称","中文名称","规格型号","单位","数量","件数","长×宽×高（m）","体积（m3)","备注"]
[1,null,"镀锌槽钢","6.3#","吨",{"$f":"1.06*4.776","v":{"v":5.06256,"d":"5.063"}},1,"6*0.61*310",{"$f":"6*0.61*0.31","v":{"v":1.1346,"d":"1.135"}},"120根"]
[2,null,"镀锌槽钢","6.3#","吨",{"$f":"3.582*1.06","v":{"v":3.79692,"d":"3.797"}},1,"6*0.45*0.22",{"$f":"6*0.45*0.22","v":0.594},"90根"]
[3,null,"镀锌槽钢（散装）","6.3#","吨",{"$f":"1.592*1.06","v":{"v":1.68752,"d":"1.688"}},"待打包",null,null,"40根"]
[4,null,"镀锌槽钢","10#","吨",25.458,5,"6*0.56*0.47",{"$f":"6*0.56*0.47*5","v":7.896},"400根"]
[5,null,"镀锌槽钢（散装）","10#","吨",1.273,"待打包",null,null,"20根"]
[6,null,"镀锌槽钢","20#A","吨",{"$f":"45.636*1.06","v":{"v":48.37416,"d":"48.374"}},12,"6*0.6*0.45",{"$f":"6*0.6*0.45*12","v":{"v":19.44,"d":"19.440"}},"336根"]
[7,null,"镀锌槽钢","20#A","吨",{"$f":"1.902*1.06","v":{"v":2.01612,"d":"2.016"}},1,"6*0.34*0.45",{"$f":"6*0.34*0.45","v":0.918},"14根"]
[8,null,"镀锌钢管","DN20","吨",{"$f":"1.317*18","v":23.706},18,"6*0.36*0.32",{"$f":"6*0.36*0.32*18","v":{"v":12.4416,"d":"12.442"}},"2286根"]
[9,null,"镀锌钢管（散装）","DN20","吨",{"$f":"0.145*1.06","v":{"v":0.1537,"d":"0.154"}},"待打包","按长方体估算6*0.027*0.027",{"$f":"6*0.027*0.027*14","v":{"v":0.061236,"d":"0.061"}},"14根"]
[10,null,"镀锌钢管","DN100","吨",{"v":11.8,"d":"11.800"},9,"6*0.6*0.52",{"$f":"6*0.6*0.52*9","v":16.848},"171根"]
[11,null,"镀锌钢管（散装）","DN100","吨",0.414,"待打包","按长方体估算6*0.114*0.114",{"$f":"6*0.114*0.114*6","v":{"v":0.467856,"d":"0.468"}},"6根"]
[12,null,"镀锌角钢","40*4","吨",4.159,1,"6*420*320",{"$f":"6*0.42*0.32","v":{"v":0.8064,"d":"0.806"}},"270根"]
[13,null,"镀锌角钢","50*5","吨",5.994,1,"6*0.5*0.32",{"$f":"6*0.5*0.32","v":{"v":0.96,"d":"0.960"}},"250根"]
[14,null,"镀锌角钢","50*5","吨",null,1,"6*0.39*0.1",{"$f":"6*0.39*0.1","v":0.234}]
[15,null,"槽钢","20A","吨",0.407,"待打包",null,null,"3根"]
[16,null,"槽钢","16A","吨",{"v":0.31,"d":"0.310"},{"$nulls":3},"3根"]
[17,null,"槽钢","12#","吨",0.362,{"$nulls":3},"5根"]
[18,null,"角钢","L120*120*12","吨",0.817,{"$nulls":3},"3根/每根12米"]
[19,null,"角钢","L75*75*8","吨",0.271,{"$nulls":3},"5根"]
[20,null,"角钢","L50*50*5","吨",0.566,{"$nulls":3},"30根"]
[21,null,"圆钢","φ8mm","吨",0.007,{"$nulls":3},"2根/9米每根"]
[22,null,"圆钢","φ10mm","吨",0.006,{"$nulls":3},"1根/9米每根"]
[23,null,"圆钢","φ16mm","吨",0.057,{"$nulls":3},"4根/9米每根"]
[24,null,"钢板","δ=10mm","吨",1.256,1,"8*2*0.01",{"$f":"8*2*0.01","v":{"v":0.16,"d":"0.160"}},"16平"]
[25,null,"钢板","δ=12mm","吨",1.507,1,"8*2*0.012",{"$f":"8*2*0.012","v":0.192},"16平"]
[26,null,"镀锌扁钢","40*4","吨",1.684,1,"6*0.38*0.26",{"$f":"6*0.38*0.26","v":{"v":0.5928,"d":"0.593"}},"210根"]
[27,null,"镀锌钢管","DN65","吨",1.563,1,"6*0.6*0.47",{"$f":"6*0.6*0.47","v":1.692},"37根"]
[28,null,"镀锌钢管","DN65","吨",1.436,1,"6*0.54*0.5",{"$f":"6*0.54*0.5","v":{"v":1.62,"d":"1.620"}},"34根"]
[29,null,"镀锌钢管","DN50","吨",3.786,2,"6*0.56*0.52",{"$f":"6*0.56*0.52*2","v":{"v":3.4944,"d":"3.494"}},"122根"]
[30,null,"镀锌钢管（散装）","DN50","吨",{"$f":"4.656-3.786","v":0.87},"待打包","按长方体估算6*0.06*0.06",{"$f":"6*0.06*0.06*29","v":{"v":0.6264,"d":"0.626"}},"29根"]
[31,null,"镀锌钢管","DN40","吨",{"$f":"4.469","v":4.469},3,"6*0.45*0.42",{"$f":"6*0.45*0.42*3","v":3.402},"183根"]
[32,null,"镀锌钢管（散装）","DN40","吨",0.244,"待打包","6*0.048*0.048",{"$f":"6*0.048*0.048*10","v":{"v":0.13824,"d":"0.138"}},"10根"]
[33,null,"镀锌钢管","DN32","吨",9.058,5,"6*0.49*0.43",{"$f":"6*0.49*0.43*5","v":6.321},"455根"]
[34,null,"镀锌钢管（散装）","DN32","吨",0.199,"待打包","按长方体估算6*0.042*0.042",{"$f":"6*0.042*0.042*12","v":{"v":0.127008,"d":"0.127"}},"12根"]
[35,null,"镀锌钢管","DN25","吨",9.804,7,"6*0.39*0.36",{"$f":"6*0.39*0.36*7","v":{"v":5.8968,"d":"5.897"}},"637根"]
[36,null,"镀锌钢管（散装）","DN25","吨",0.508,"待打包","按长方体估算6*0.034*0.034",{"$f":"6*0.034*0.034*33","v":{"v":0.228888,"d":"0.229"}},"33根"]
[37,null,"焊接钢管","φ219.0×6.0(DN200)","吨",6.619,5,"6*0.68*0.65",{"$f":"6*0.68*0.65*5","v":{"v":13.26,"d":"13.260"}},"35根"]
[38,null,"焊接钢管（散装）","φ219.0×6.0(DN200)","吨",1.135,"待打包","按长方体估算6*0.219*0.219",{"$f":"6*0.219*0.219*6","v":{"v":1.726596,"d":"1.727"}},"6根"]
[39,null,"焊接钢管","φ165.0×4.50(DN150)","吨",4.061,2,"6*0.87*0.77",{"$f":"6*0.87*0.77*2","v":{"v":8.0388,"d":"8.039"}},"38根"]
[40,null,"焊接钢管（散装）","φ165.0×4.50(DN150)","吨",0.748,"待打包","按长方体估算6*0.165*0.165",{"$f":"6*0.165*0.165*7","v":{"v":1.14345,"d":"1.143"}},"7根"]
[41,null,"焊接钢管","φ114.0×4.00(DN100)","吨",6.184,5,"6*0.55*0.54",{"$f":"6*0.55*0.54*5","v":{"v":8.91,"d":"8.910"}},"95根"]
[42,null,"焊接钢管","φ88.5×4.00(DN80)","吨",1.2,1,"6*0.62*0.5",{"$f":"6*0.62*0.5","v":{"v":1.86,"d":"1.860"}},"24根"]
[43,null,"焊接钢管","φ75.5×3.75(DN65)","吨",0.796,1,"6*0.62*0.38",{"$f":"6*0.62*0.38","v":{"v":1.4136,"d":"1.414"}},"20根"]
[44,null,"焊接钢管","φ60.0×3.50(DN50)","吨",1.756,1,"6*0.56*0.49",{"$f":"6*0.56*0.49","v":{"v":1.6464,"d":"1.646"}},"61根"]
[45,null,"焊接钢管","φ48.0×3.50(DN40)","吨",1.382,1,"6*0.55*0.48",{"$f":"6*0.55*0.48","v":1.584},"60根"]
[46,null,"焊接钢管","φ42.3×3.25(DN32)","吨",0.331,1,"6*0.26*0.25",{"$f":"6*0.26*0.25","v":{"v":0.39,"d":"0.390"}},"18根"]
[47,null,"焊接钢管（散装）","φ33.5×3.25(DN25)","吨",0.532,1,"按长方体估算6*0.034*0.034",{"$f":"6*0.034*0.034*37","v":{"v":0.256632,"d":"0.257"}},"37根"]
[48,null,"焊接钢管","φ26.8×2.75(DN20)","吨",0.863,1,"6*0.6*0.32",{"$f":"6*0.6*0.32","v":1.152},"89根"]
[null,null,"合计",null,null,{"$f":"SUM(F3:F50)","v":{"v":198.68898,"d":"198.689"}},{"$f":"SUM(G3:G50)","v":91},null,{"$f":"SUM(I3:I50)","v":{"v":127.674706,"d":"127.675"}}]

{"sheet":"3","index":4,"n_rows":62,"n_cols":10,"rows_kept":62,"merged":[[0,0,0,1]]}
["3包货物清单"]
["材料名称","规格型号","单位","数量","件数","净重(kg)","毛重(kg)","长*宽*高（m）",null,"体积（m³）"]
["山型卡",null,"只",10000,2,1105,1115,"50*(0.4*0.6*0.1)",null,1.2]
["扎丝",null,"Kg",16800,16,16800,16800,null,null,9.6]
["扎丝","L=250mm、22#","Kg",800]
["扎丝","L=300mm、22#","Kg",4000]
["扎丝","L=350mm、22#","Kg",8000]
["扎丝","L=400mm、22#","Kg",4000]
["手拉葫芦","35T，主链4米，手链12米","个",2]
["墙体开槽机",null,"台",2,1,7,7.5,"0.6*0.39*0.3",null,{"$f":"0.6*0.39*0.3","v":0.0702}]
["钢丝绳",null,"吨",5.85,8,5850,5850,"/",null,8]
["钢丝吊绳","φ16、7*19股、L=4M，两头需人工穿环","根",40]
["钢丝吊绳","φ20、7*19股、L=6M两头需人工穿环","根",60]
["钢丝吊绳","φ20、7*19股、L=8M两头需人工穿环","根",60]
["钢丝吊绳","φ20、7*19股、L=12M两头需人工穿环","根",60]
["钢丝吊绳","φ22、7*19股、L=8M两头需人工穿环","根",40]
["钢丝吊绳","φ22、7*19股、L=12M两头需人工穿环","根",40]
["钢丝吊绳","φ24、7*19股、L=8M两头需人工穿环","根",20]
["钢丝吊绳","φ24、7*19股、L=12M两头需人工穿环","根",20]
[]
["电动扳手","P1B-DV-22C，交流型","套",2,2,9,9]
["开口扳手","12*14","把",6]
["开口扳手","12*14","把",6]
["安全绳",null,"根",8]
["安全绳","10mm*30m","根",4]
["安全绳","16mm*30m","根",4]
["耐酸砖",null,"块",39850,117,173714,{"$f":"SUM(G28:G31)","v":175290},null,null,106]
["耐酸砖","230mm*113mm*65mm","块",8448,22,32714,33000,"22*（1*1*0.8）","1*1*0.8",17.6]
["耐酸砖","230mm*113mm*65mm","块",10552,28,40600,40950,"28*（1*1*0.8）","1*1*0.8",22.4]
["耐酸砖","300mm*300mm*30mm","块",16850,63,96000,96900,"63*（1*1*0.94）","1*1*0.94",62]
["耐酸砖","230mm*113mm*20mm","块",4000,4,4400,4440,"4*（1*1*0.94）","1*1*0.94",4]
["氩弧焊帽",null,"只",10]
["铜挂锁","63mm","把",6]
["美工刀片","18*100mm","盒",3]
["铁丝","10#/12#/14#","千克",95,null,95,{"$f":"SUM(G36:G38)","v":95}]
["铁丝","10#","千克",60,null,60,60]
["铁丝","12#","千克",30,null,30,30]
["铁丝","14#","千克",5,null,5,5]
["切割片","φ100/184*2.2*20*24T","片",2404,null,null,{"$f":"SUM(G40:G41)","v":54.05}]
["切割片","φ100","片",2400,null,52.8,52.8]
["圆锯片","184*2.2*20*24T丨木工锯片","片",4,null,1.25,1.25]
["地拖插座","S305","只",15,null,2.65]
["石笔",null,"盒",20]
["弹簧秤","10KG","个",1]
["氩弧焊把","300A（含线）","把",10]
["坞针","φ2.5","盒",40]
["坞针夹","φ2.5","只",100]
["弯管器","6mm/8mm/10mm/12mm/14mm/16mm/18mm/22mm","套",8,null,19.9]
["弯管器","6mm","套",1,null,19.9]
["弯管器","8mm","套",1]
["弯管器","10mm","套",1]
["弯管器","12mm","套",1]
["弯管器","14mm","套",1]
["弯管器","16mm","套",1]
["弯管器","18mm","套",1]
["弯管器","22mm","套",1]
[]
[]
[]
[]
[]
[{"$nulls":4},{"$f":"SUM(E3:E27)","v":146},197485,199071.5,{"$f":"SUM(H3:H27)","v":0},0,{"v":124.8702,"d":"124.87"}]